{"text_format":"3","workbook":"xlsx","n_sheets":2,"sheets":["Лист1","Лист2"],"not_rendered":{"defined_names":1},"read":"whole","date_system":"1900"}

{"sheet":"Лист1","index":0,"n_rows":269,"n_cols":15,"rows_kept":269,"merged":[[0,0,0,13],[1,0,1,13],[2,0,2,13],[4,0,4,1],[4,3,4,13],[5,0,5,1],[5,3,5,13],[6,0,6,1],[6,3,6,13],[268,0,268,6]]}
["ПЕРЕЧЕНЬ ОСНОВНЫХ СРЕДСТВ"]
["МБОУ «Сокольская СОШ»"]
["по состоянию на 11.10.2023"]
[]
["Счет",null,null,"00000000000000000.0.00000"]
["Балансовая стоимость",null,null,""]
["Остаточная стоимость",null,null,""]
[]
["N п/п","Наименование имущества","ОЛ","Инвентарный номер","Дата принятия к учёту","Дата ввода в эксплуатацию","Год выпуска","Срок полезного использования (месяцев)","Балансовая стоимость","Амортизация","На дату","Остаточная стоимость","Процент износа (%)","Примечание","ОКОФ"]
[1,"Автобус ГАЗ-А67R43-52","Шарапова Ирина\nНикифоровна","0000000358","02.11.2021","02.11.2021","",120,{"v":2038310,"d":"2038310.00"},373690.24,"11.10.2023",1664619.76,18.33,"",""]
[2,"Автоматизированное рабочее место RAY P294 в составе","Шарапова Ирина\nНикифоровна","1118227","16.03.2016","31.08.2011","",0,16300.67,16300.67,"11.10.2023",{"v":0,"d":"0.00"},{"v":100,"d":"100.00"},""]
[3,"Автоматизированное рабочее место RAY P294 в составе","Шарапова Ирина\nНикифоровна","1118226","16.03.2016","31.08.2011","",0,16300.67,16300.67,"11.10.2023",{"v":0,"d":"0.00"},{"v":100,"d":"100.00"},""]
[4,"Автоматизированное рабочее место RAY P294 в составе","Шарапова Ирина\nНикифоровна","1118230","16.03.2016","31.08.2011","",0,16300.66,16300.66,"11.10.2023",{"v":0,"d":"0.00"},{"v":100,"d":"100.00"},"",""]
[5,"Адаптер с программным обеспечением","Шарапова Ирина\nНикифоровна","100737","20.12.2013","20.12.2013","",0,{"v":5900,"d":"5900.00"},{"v":5900,"d":"5900.00"},"11.10.2023",{"v":0,"d":"0.00"},{"v":100,"d":"100.00"},"",""]
[6,"Брусья гимнастич. массовые","Шарапова Ирина\nНикифоровна","000000000290","31.08.2006","31.08.2006","",60,{"v":24480,"d":"24480.00"},{"v":24480,"d":"24480.00"},"11.10.2023",{"v":0,"d":"0.00"},{"v":100,"d":"100.00"},"","16.3693551"]
[7,"верстак столярный","Шарапова Ирина\nНикифоровна","000000001893","30.04.2007","30.04.2007","",24,{"v":9000,"d":"9000.00"},{"v":9000,"d":"9000.00"},"11.10.2023",{"v":0,"d":"0.00"},{"v":100,"d":"100.00"},""]
[8,"верстак столярный","Шарапова Ирина\nНикифоровна","000000001892","30.04.2007","30.04.2007","",24,{"v":9000,"d":"9000.00"},{"v":9000,"d":"9000.00"},"11.10.2023",{"v":0,"d":"0.00"},{"v":100,"d":"100.00"},""]
[9,"верстак столярный","Шарапова Ирина\nНикифоровна","000000001891","30.04.2007","30.04.2007","",24,{"v":9000,"d":"9000.00"},{"v":9000,"d":"9000.00"},"11.10.2023",{"v":0,"d":"0.00"},{"v":100,"d":"100.00"},""]
[10,"верстак столярный","Шарапова Ирина\nНикифоровна","000000001889","30.04.2007","30.04.2007","",24,{"v":9000,"d":"9000.00"},{"v":9000,"d":"9000.00"},"11.10.2023",{"v":0,"d":"0.00"},{"v":100,"d":"100.00"},""]
[11,"верстак столярный","Шарапова Ирина\nНикифоровна","000000001888","30.04.2007","30.04.2007","",24,{"v":9000,"d":"9000.00"},{"v":9000,"d":"9000.00"},"11.10.2023",{"v":0,"d":"0.00"},{"v":100,"d":"100.00"},"","14.2947112"]
[12,"Весы ВТ-150","Шарапова Ирина\nНикифоровна","000000001066","30.09.2006","30.09.2006","",120,{"v":10179.6,"d":"10179.60"},{"v":10179.6,"d":"10179.60"},"11.10.2023",{"v":0,"d":"0.00"},{"v":100,"d":"100.00"},"","14.3312010"]
[13,"вешалка гар.1800*1900 с полкой п-обувь","Шарапова Ирина\nНикифоровна","000000000834","30.09.2006","30.09.2006","",84,{"v":3519,"d":"3519.00"},{"v":3519,"d":"3519.00"},"11.10.2023",{"v":0,"d":"0.00"},{"v":100,"d":"100.00"},""]
[14,"вешалка гар.1800*1900 с полкой п-обувь","Шарапова Ирина\nНикифоровна","000000000835","30.09.2006","30.09.2006","",84,{"v":3519,"d":"3519.00"},{"v":3519,"d":"3519.00"},"11.10.2023",{"v":0,"d":"0.00"},{"v":100,"d":"100.00"},""]
[15,"вешалка гар.1800*1900 с полкой п-обувь","Шарапова Ирина\nНикифоровна","000000000836","30.09.2006","30.09.2006","",84,{"v":3519,"d":"3519.00"},{"v":3519,"d":"3519.00"},"11.10.2023",{"v":0,"d":"0.00"},{"v":100,"d":"100.00"},""]
[16,"вешалка гар.1800*1900 с полкой п-обувь","Шарапова Ирина\nНикифоровна","000000000833","30.09.2006","30.09.2006","",84,{"v":3519,"d":"3519.00"},{"v":3519,"d":"3519.00"},"11.10.2023",{"v":0,"d":"0.00"},{"v":100,"d":"100.00"},"","16.3612553"]
[17,"Датчик атмосферного давления воздуха (барометр)","Шарапова Ирина\nНикифоровна","100734","20.12.2013","20.12.2013","",0,{"v":5800,"d":"5800.00"},{"v":5800,"d":"5800.00"},"11.10.2023",{"v":0,"d":"0.00"},{"v":100,"d":"100.00"},"",""]
[18,"Датчик относительной влажности","Шарапова Ирина\nНикифоровна","100736","20.12.2013","20.12.2013","",0,{"v":7700,"d":"7700.00"},{"v":7700,"d":"7700.00"},"11.10.2023",{"v":0,"d":"0.00"},{"v":100,"d":"100.00"},"",""]
[19,"Датчик расстояния с программным обеспечением","Шарапова Ирина\nНикифоровна","100733","20.12.2013","20.12.2013","",0,{"v":8100,"d":"8100.00"},{"v":8100,"d":"8100.00"},"11.10.2023",{"v":0,"d":"0.00"},{"v":100,"d":"100.00"},"",""]
[20,"Датчик температуры поверхности","Шарапова Ирина\nНикифоровна","100735","20.12.2013","20.12.2013","",0,{"v":3300,"d":"3300.00"},{"v":3300,"d":"3300.00"},"11.10.2023",{"v":0,"d":"0.00"},{"v":100,"d":"100.00"},"",""]
[21,"Датчик температуры с программным обеспечением","Шарапова Ирина\nНикифоровна","100732","20.12.2013","20.12.2013","",0,{"v":3200,"d":"3200.00"},{"v":3200,"d":"3200.00"},"11.10.2023",{"v":0,"d":"0.00"},{"v":100,"d":"100.00"},"",""]
[22,"диван для отдыха","Шарапова Ирина\nНикифоровна","000000000840","30.09.2006","30.09.2006","",84,{"v":4590,"d":"4590.00"},{"v":4590,"d":"4590.00"},"11.10.2023",{"v":0,"d":"0.00"},{"v":100,"d":"100.00"},""]
[23,"диван для отдыха","Шарапова Ирина\nНикифоровна","000000000841","30.09.2006","30.09.2006","",84,{"v":4590,"d":"4590.00"},{"v":4590,"d":"4590.00"},"11.10.2023",{"v":0,"d":"0.00"},{"v":100,"d":"100.00"},""]
[24,"диван для отдыха","Шарапова Ирина\nНикифоровна","000000000842","30.09.2006","30.09.2006","",84,{"v":4590,"d":"4590.00"},{"v":4590,"d":"4590.00"},"11.10.2023",{"v":0,"d":"0.00"},{"v":100,"d":"100.00"},"","16.3612441"]
[25,"Домашний кинотеатео","Шарапова Ирина\nНикифоровна","1925","30.12.2011","30.12.2011","",0,{"v":8500,"d":"8500.00"},{"v":8500,"d":"8500.00"},"11.10.2023",{"v":0,"d":"0.00"},{"v":100,"d":"100.00"},"",""]
[26,"доска для мела настенная 3000*120*1500","Шарапова Ирина\nНикифоровна","000000000640","30.09.2006","30.09.2006","",60,4305.79,4305.79,"11.10.2023",{"v":0,"d":"0.00"},{"v":100,"d":"100.00"},""]
[27,"доска для мела настенная 3000*120*1500","Шарапова Ирина\nНикифоровна","000000000639","30.09.2006","30.09.2006","",60,4305.79,4305.79,"11.10.2023",{"v":0,"d":"0.00"},{"v":100,"d":"100.00"},""]
[28,"доска для мела настенная 3000*120*1500","Шарапова Ирина\nНикифоровна","000000000638","30.09.2006","30.09.2006","",60,4305.79,4305.79,"11.10.2023",{"v":0,"d":"0.00"},{"v":100,"d":"100.00"},""]
[29,"доска для мела настенная 3000*120*1500","Шарапова Ирина\nНикифоровна","000000000637","30.09.2006","30.09.2006","",60,4305.79,4305.79,"11.10.2023",{"v":0,"d":"0.00"},{"v":100,"d":"100.00"},""]
[30,"доска для мела настенная 3000*120*1500","Шарапова Ирина\nНикифоровна","000000000636","30.09.2006","30.09.2006","",60,4305.79,4305.79,"11.10.2023",{"v":0,"d":"0.00"},{"v":100,"d":"100.00"},""]
[31,"доска для мела настенная 3000*120*1500","Шарапова Ирина\nНикифоровна","000000000635","30.09.2006","30.09.2006","",60,4305.78,4305.78,"11.10.2023",{"v":0,"d":"0.00"},{"v":100,"d":"100.00"},""]
[32,"доска для мела настенная 3000*120*1500","Шарапова Ирина\nНикифоровна","000000000634","30.09.2006","30.09.2006","",60,4305.79,4305.79,"11.10.2023",{"v":0,"d":"0.00"},{"v":100,"d":"100.00"},""]
[33,"доска для мела настенная 3000*120*1500","Шарапова Ирина\nНикифоровна","000000000633","30.09.2006","30.09.2006","",60,4305.78,4305.78,"11.10.2023",{"v":0,"d":"0.00"},{"v":100,"d":"100.00"},"","16.3693551"]
[34,"Доска интерактивная Hitachi StarBoard FX-77 TRIO-E","Шарапова Ирина\nНикифоровна","1927","05.01.2012","05.01.2012","",0,{"v":24979.5,"d":"24979.50"},{"v":24979.5,"d":"24979.50"},"11.10.2023",{"v":0,"d":"0.00"},{"v":100,"d":"100.00"},"","16.3695030"]
[35,"Здание гаража","Шарапова Ирина\nНикифоровна","111000003138207","11.01.2016","11.01.2016","",180,{"v":1028200,"d":"1028200.00"},681527.08,"11.10.2023",346672.92,66.28,"","11.4528060"]
[36,"Здание школы","Шарапова Ирина\nНикифоровна","000000001881","31.01.2007","31.01.2007","",360,36964679.99,20535950.91,"11.10.2023",16428729.08,55.56,"","11.4528060"]
[37,"Игровая книга с панорамой -Первый тюркский каганат. Великий шелковый путь-- на русском языке и на татарском языке","Шарапова Ирина\nНикифоровна","","30.04.2015","30.04.2015","",0,2812.11,2812.11,"11.10.2023",{"v":0,"d":"0.00"},{"v":100,"d":"100.00"},"",""]
[38,"Интерактивный комплект","Шарапова Ирина\nНикифоровна","01917","31.12.2011","31.12.2011","",60,57294.82,57294.82,"11.10.2023",{"v":0,"d":"0.00"},{"v":100,"d":"100.00"},"","16.3695030"]
[39,"Интерактивный цифровой микроскоп","Шарапова Ирина\nНикифоровна","100731","20.12.2013","20.12.2013","",0,{"v":17500,"d":"17500.00"},{"v":17500,"d":"17500.00"},"11.10.2023",{"v":0,"d":"0.00"},{"v":100,"d":"100.00"},"",""]
[40,"Камера для передачи изображений документов-на экран в виде телевизионного синнала или в иной электронной форме","Шарапова Ирина\nНикифоровна","100730","20.12.2013","20.12.2013","",0,{"v":32200,"d":"32200.00"},{"v":32200,"d":"32200.00"},"11.10.2023",{"v":0,"d":"0.00"},{"v":100,"d":"100.00"},"",""]
[41,"Книга \"Татарская национальная кухня\"","Шарапова Ирина\nНикифоровна","0000000364","11.02.2022","11.02.2022","","",334.56,334.56,"11.10.2023",{"v":0,"d":"0.00"},{"v":100,"d":"100.00"},"",""]
[42,"Книги","Шарапова Ирина\nНикифоровна","","06.09.2008","06.09.2008","",0,8125.65,8125.65,"11.10.2023",{"v":0,"d":"0.00"},{"v":100,"d":"100.00"},"","19.0001111"]
[43,"козел гимн","Шарапова Ирина\nНикифоровна","000000001641","31.12.2006","31.12.2006","",60,3762.78,3762.78,"11.10.2023",{"v":0,"d":"0.00"},{"v":100,"d":"100.00"},"","16.3693572"]
[44,"Кольца гимнаст на консоли (настенная)","Шарапова Ирина\nНикифоровна","000000000363","30.09.2006","30.09.2006","",60,{"v":15300,"d":"15300.00"},{"v":15300,"d":"15300.00"},"11.10.2023",{"v":0,"d":"0.00"},{"v":100,"d":"100.00"},"","16.3693551"]
[45,"Конь гимнастический","Шарапова Ирина\nНикифоровна","000000000365","30.09.2006","30.09.2006","",60,{"v":6630,"d":"6630.00"},{"v":6630,"d":"6630.00"},"11.10.2023",{"v":0,"d":"0.00"},{"v":100,"d":"100.00"},"","16.3693572"]
[46,"Костюм дед мороз","Шарапова Ирина\nНикифоровна","111000003138205","23.12.2013","23.12.2013","",0,{"v":3950,"d":"3950.00"},{"v":3950,"d":"3950.00"},"11.10.2023",{"v":0,"d":"0.00"},{"v":100,"d":"100.00"},"",""]
[47,"Костюм снегурочки","Шарапова Ирина\nНикифоровна","111000003138204","23.12.2013","23.12.2013","",0,{"v":3650,"d":"3650.00"},{"v":3650,"d":"3650.00"},"11.10.2023",{"v":0,"d":"0.00"},{"v":100,"d":"100.00"},"",""]
[48,"котел пищеварочный КПЭМ-60(60л.нерж.сиал","Шарапова Ирина\nНикифоровна","000000000951","30.09.2006","30.09.2006","",120,{"v":40545,"d":"40545.00"},{"v":40545,"d":"40545.00"},"11.10.2023",{"v":0,"d":"0.00"},{"v":100,"d":"100.00"},"","14.2925521"]
[49,"мармид 1-х блюд ПМЭС-70К(нерж.","Шарапова Ирина\nНикифоровна","000000000960","30.09.2006","30.09.2006","",120,{"v":27931,"d":"27931.00"},{"v":27931,"d":"27931.00"},"11.10.2023",{"v":0,"d":"0.00"},{"v":100,"d":"100.00"},"","14.2919610"]
[50,"Минилаборатория для начальной школы","Шарапова Ирина\nНикифоровна","000000000111","20.12.2013","20.12.2013","",0,{"v":7900,"d":"7900.00"},{"v":7900,"d":"7900.00"},"11.10.2023",{"v":0,"d":"0.00"},{"v":100,"d":"100.00"},""]
[51,"Минилаборатория для начальной школы","Шарапова Ирина\nНикифоровна","000000000112","20.12.2013","20.12.2013","",0,{"v":7900,"d":"7900.00"},{"v":7900,"d":"7900.00"},"11.10.2023",{"v":0,"d":"0.00"},{"v":100,"d":"100.00"},""]
[52,"Минилаборатория для начальной школы","Шарапова Ирина\nНикифоровна","000000000113","20.12.2013","20.12.2013","",0,{"v":7900,"d":"7900.00"},{"v":7900,"d":"7900.00"},"11.10.2023",{"v":0,"d":"0.00"},{"v":100,"d":"100.00"},""]
[53,"Минилаборатория для начальной школы","Шарапова Ирина\nНикифоровна","000000000114","20.12.2013","20.12.2013","",0,{"v":7900,"d":"7900.00"},{"v":7900,"d":"7900.00"},"11.10.2023",{"v":0,"d":"0.00"},{"v":100,"d":"100.00"},""]
[54,"Минилаборатория для начальной школы","Шарапова Ирина\nНикифоровна","000000000115","20.12.2013","20.12.2013","",0,{"v":7900,"d":"7900.00"},{"v":7900,"d":"7900.00"},"11.10.2023",{"v":0,"d":"0.00"},{"v":100,"d":"100.00"},""]
[55,"Минилаборатория для начальной школы","Шарапова Ирина\nНикифоровна","000000000116","20.12.2013","20.12.2013","",0,{"v":7900,"d":"7900.00"},{"v":7900,"d":"7900.00"},"11.10.2023",{"v":0,"d":"0.00"},{"v":100,"d":"100.00"},""]
[56,"Минилаборатория для начальной школы","Шарапова Ирина\nНикифоровна","000000000100","20.12.2013","20.12.2013","",0,{"v":7900,"d":"7900.00"},{"v":7900,"d":"7900.00"},"11.10.2023",{"v":0,"d":"0.00"},{"v":100,"d":"100.00"},""]
[57,"Минилаборатория для начальной школы","Шарапова Ирина\nНикифоровна","000000000101","20.12.2013","20.12.2013","",0,{"v":7900,"d":"7900.00"},{"v":7900,"d":"7900.00"},"11.10.2023",{"v":0,"d":"0.00"},{"v":100,"d":"100.00"},""]
[58,"Минилаборатория для начальной школы","Шарапова Ирина\nНикифоровна","000000000102","20.12.2013","20.12.2013","",0,{"v":7900,"d":"7900.00"},{"v":7900,"d":"7900.00"},"11.10.2023",{"v":0,"d":"0.00"},{"v":100,"d":"100.00"},""]
[59,"Минилаборатория для начальной школы","Шарапова Ирина\nНикифоровна","000000000103","20.12.2013","20.12.2013","",0,{"v":7900,"d":"7900.00"},{"v":7900,"d":"7900.00"},"11.10.2023",{"v":0,"d":"0.00"},{"v":100,"d":"100.00"},""]
[60,"Минилаборатория для начальной школы","Шарапова Ирина\nНикифоровна","000000000104","20.12.2013","20.12.2013","",0,{"v":7900,"d":"7900.00"},{"v":7900,"d":"7900.00"},"11.10.2023",{"v":0,"d":"0.00"},{"v":100,"d":"100.00"},""]
[61,"Минилаборатория для начальной школы","Шарапова Ирина\nНикифоровна","000000000105","20.12.2013","20.12.2013","",0,{"v":7900,"d":"7900.00"},{"v":7900,"d":"7900.00"},"11.10.2023",{"v":0,"d":"0.00"},{"v":100,"d":"100.00"},""]
[62,"Минилаборатория для начальной школы","Шарапова Ирина\nНикифоровна","000000000106","20.12.2013","20.12.2013","",0,{"v":7900,"d":"7900.00"},{"v":7900,"d":"7900.00"},"11.10.2023",{"v":0,"d":"0.00"},{"v":100,"d":"100.00"},""]
[63,"Минилаборатория для начальной школы","Шарапова Ирина\nНикифоровна","000000000107","20.12.2013","20.12.2013","",0,{"v":7900,"d":"7900.00"},{"v":7900,"d":"7900.00"},"11.10.2023",{"v":0,"d":"0.00"},{"v":100,"d":"100.00"},""]
[64,"Минилаборатория для начальной школы","Шарапова Ирина\nНикифоровна","000000000108","20.12.2013","20.12.2013","",0,{"v":7900,"d":"7900.00"},{"v":7900,"d":"7900.00"},"11.10.2023",{"v":0,"d":"0.00"},{"v":100,"d":"100.00"},""]
[65,"Минилаборатория для начальной школы","Шарапова Ирина\nНикифоровна","000000000109","20.12.2013","20.12.2013","",0,{"v":7900,"d":"7900.00"},{"v":7900,"d":"7900.00"},"11.10.2023",{"v":0,"d":"0.00"},{"v":100,"d":"100.00"},"",""]
[66,"Модем","Шарапова Ирина\nНикифоровна","000000000034","01.01.2001","01.01.2001","",60,11962.08,11962.08,"11.10.2023",{"v":0,"d":"0.00"},{"v":100,"d":"100.00"},"","14.3020204"]
[67,"МФУ HP LaserJet Pro 400","Шарапова Ирина\nНикифоровна","0000000357","11.11.2021","11.11.2021","","",{"v":33799,"d":"33799.00"},{"v":33799,"d":"33799.00"},"11.10.2023",{"v":0,"d":"0.00"},{"v":100,"d":"100.00"},"",""]
[68,"Мясорубка ММ-12","Шарапова Ирина\nНикифоровна","000000001059","30.09.2006","30.09.2006","",84,{"v":10404,"d":"10404.00"},{"v":10404,"d":"10404.00"},"11.10.2023",{"v":0,"d":"0.00"},{"v":100,"d":"100.00"},"","16.2930302"]
[69,"набор -директор-шкафы+столы","Шарапова Ирина\nНикифоровна","000000000837","30.09.2006","30.09.2006","",60,{"v":35700,"d":"35700.00"},{"v":35700,"d":"35700.00"},"11.10.2023",{"v":0,"d":"0.00"},{"v":100,"d":"100.00"},"","16.3612020"]
[70,"Ноутбук","Шарапова Ирина\nНикифоровна","0000000365","25.05.2022","25.05.2022","","",{"v":40000,"d":"40000.00"},{"v":40000,"d":"40000.00"},"11.10.2023",{"v":0,"d":"0.00"},{"v":100,"d":"100.00"},""]
[71,"Ноутбук","Шарапова Ирина\nНикифоровна","0000000366","25.05.2022","25.05.2022","","",{"v":40000,"d":"40000.00"},{"v":40000,"d":"40000.00"},"11.10.2023",{"v":0,"d":"0.00"},{"v":100,"d":"100.00"},""]
[72,"Ноутбук","Шарапова Ирина\nНикифоровна","0000000367","25.05.2022","25.05.2022","","",{"v":40000,"d":"40000.00"},{"v":40000,"d":"40000.00"},"11.10.2023",{"v":0,"d":"0.00"},{"v":100,"d":"100.00"},""]
[73,"Ноутбук","Шарапова Ирина\nНикифоровна","0000000368","25.05.2022","25.05.2022","","",{"v":40000,"d":"40000.00"},{"v":40000,"d":"40000.00"},"11.10.2023",{"v":0,"d":"0.00"},{"v":100,"d":"100.00"},""]
[74,"Ноутбук","Шарапова Ирина\nНикифоровна","0000000369","25.05.2022","25.05.2022","","",{"v":40000,"d":"40000.00"},{"v":40000,"d":"40000.00"},"11.10.2023",{"v":0,"d":"0.00"},{"v":100,"d":"100.00"},""]
[75,"Ноутбук","Шарапова Ирина\nНикифоровна","0000000370","25.05.2022","25.05.2022","","",{"v":40000,"d":"40000.00"},{"v":40000,"d":"40000.00"},"11.10.2023",{"v":0,"d":"0.00"},{"v":100,"d":"100.00"},""]
[76,"Ноутбук","Шарапова Ирина\nНикифоровна","0000000371","25.05.2022","25.05.2022","","",{"v":40000,"d":"40000.00"},{"v":40000,"d":"40000.00"},"11.10.2023",{"v":0,"d":"0.00"},{"v":100,"d":"100.00"},""]
[77,"Ноутбук","Шарапова Ирина\nНикифоровна","0000000372","25.05.2022","25.05.2022","","",{"v":40000,"d":"40000.00"},{"v":40000,"d":"40000.00"},"11.10.2023",{"v":0,"d":"0.00"},{"v":100,"d":"100.00"},""]
[78,"Ноутбук","Шарапова Ирина\nНикифоровна","0000000373","25.05.2022","25.05.2022","","",{"v":40000,"d":"40000.00"},{"v":40000,"d":"40000.00"},"11.10.2023",{"v":0,"d":"0.00"},{"v":100,"d":"100.00"},""]
[79,"Ноутбук","Шарапова Ирина\nНикифоровна","0000000374","25.05.2022","25.05.2022","","",{"v":40000,"d":"40000.00"},{"v":40000,"d":"40000.00"},"11.10.2023",{"v":0,"d":"0.00"},{"v":100,"d":"100.00"},""]
[80,"Ноутбук","Шарапова Ирина\nНикифоровна","0000000375","25.05.2022","25.05.2022","","",{"v":40000,"d":"40000.00"},{"v":40000,"d":"40000.00"},"11.10.2023",{"v":0,"d":"0.00"},{"v":100,"d":"100.00"},""]
[81,"Ноутбук","Шарапова Ирина\nНикифоровна","0000000376","25.05.2022","25.05.2022","","",{"v":40000,"d":"40000.00"},{"v":40000,"d":"40000.00"},"11.10.2023",{"v":0,"d":"0.00"},{"v":100,"d":"100.00"},"",""]
[82,"Ноутбук Lenovo IdeaPad 300-15IBR Pentium","Шарапова Ирина\nНикифоровна","1060000000000000659","31.01.2017","31.01.2017","",0,38489.58,38489.58,"11.10.2023",{"v":0,"d":"0.00"},{"v":100,"d":"100.00"},"",""]
[83,"Ноутбук Портативная ПЭВМ RAYbook Bil011","Шарапова Ирина\nНикифоровна","1060000000000000540","30.12.2016","30.12.2016","",0,20658.83,20658.83,"11.10.2023",{"v":0,"d":"0.00"},{"v":100,"d":"100.00"},"",""]
[84,"Ноутбук портативный ПЭВМ RAYbook Bi1010 Товарный знак ICL","Шарапова Ирина\nНикифоровна","1060000000000001356","31.07.2018","31.07.2018","","",{"v":20188,"d":"20188.00"},{"v":20188,"d":"20188.00"},"11.10.2023",{"v":0,"d":"0.00"},{"v":100,"d":"100.00"},"",""]
[85,"Ноутбук портативный ПЭВМ RAYbook Bi1010 Товарный знак ICL","Шарапова Ирина\nНикифоровна","1060000000000001357","31.07.2018","31.07.2018","","",{"v":20188,"d":"20188.00"},{"v":20188,"d":"20188.00"},"11.10.2023",{"v":0,"d":"0.00"},{"v":100,"d":"100.00"},"",""]
[86,"Ноутбук портативный ПЭВМ RAYbook Bi1010 Товарный знак ICL","Шарапова Ирина\nНикифоровна","1060000000000000907","31.07.2017","31.07.2017","",0,{"v":20394,"d":"20394.00"},{"v":20394,"d":"20394.00"},"11.10.2023",{"v":0,"d":"0.00"},{"v":100,"d":"100.00"},"",""]
[87,"Ноутбук портативный ПЭВМ RAYbook Bi1010 Товарный знак ICL","Шарапова Ирина\nНикифоровна","1060000000000000906","31.07.2017","31.07.2017","",0,{"v":20394,"d":"20394.00"},{"v":20394,"d":"20394.00"},"11.10.2023",{"v":0,"d":"0.00"},{"v":100,"d":"100.00"},"",""]
[88,"Ноутбук портативный ПЭВМ RAYbook Bi1010 Товарный знак ICL","Шарапова Ирина\nНикифоровна","1060000000000000905","31.07.2017","31.07.2017","",0,{"v":20394,"d":"20394.00"},{"v":20394,"d":"20394.00"},"11.10.2023",{"v":0,"d":"0.00"},{"v":100,"d":"100.00"},"",""]
[89,"Ноутбук портативный ПЭВМ RAYbook Bi1010 Товарный знак ICL","Шарапова Ирина\nНикифоровна","1060000000000000904","31.07.2017","31.07.2017","",0,{"v":20394,"d":"20394.00"},{"v":20394,"d":"20394.00"},"11.10.2023",{"v":0,"d":"0.00"},{"v":100,"d":"100.00"},"",""]
[90,"Ноутбук портативный ПЭВМ RAYbook Bi1010 Товарный знак ICL","Шарапова Ирина\nНикифоровна","1060000000000001358","31.07.2018","31.07.2018","","",{"v":20188,"d":"20188.00"},{"v":20188,"d":"20188.00"},"11.10.2023",{"v":0,"d":"0.00"},{"v":100,"d":"100.00"},"",""]
[91,"Ноутбук портативный ПЭВМ RAYbook Bi1010 Товарный знак ICL","Шарапова Ирина\nНикифоровна","1060000000000001355","31.07.2018","31.07.2018","","",{"v":20188,"d":"20188.00"},{"v":20188,"d":"20188.00"},"11.10.2023",{"v":0,"d":"0.00"},{"v":100,"d":"100.00"},"",""]
[92,"Ноутбук портативный ПЭВМ RAYbook Bi1010 Товарный знак ICL","Шарапова Ирина\nНикифоровна","1060000000000001354","31.07.2018","31.07.2018","","",{"v":20188,"d":"20188.00"},{"v":20188,"d":"20188.00"},"11.10.2023",{"v":0,"d":"0.00"},{"v":100,"d":"100.00"},"",""]
[93,"Ноутбук портативный ПЭВМ RAYbook Bi1010 Товарный знак ICL","Шарапова Ирина\nНикифоровна","1060000000000001353","31.07.2018","31.07.2018","","",{"v":20188,"d":"20188.00"},{"v":20188,"d":"20188.00"},"11.10.2023",{"v":0,"d":"0.00"},{"v":100,"d":"100.00"},"",""]
[94,"Ноутбук портативный ПЭВМ RAYbook Bi1010 Товарный знак ICL","Шарапова Ирина\nНикифоровна","1060000000000001359","31.07.2018","31.07.2018","","",{"v":20188,"d":"20188.00"},{"v":20188,"d":"20188.00"},"11.10.2023",{"v":0,"d":"0.00"},{"v":100,"d":"100.00"},"",""]
[95,"обучающий кл ПДД","Шарапова Ирина\nНикифоровна","000000000359","31.12.2006","31.12.2006","",60,{"v":40830.6,"d":"40830.60"},{"v":40830.6,"d":"40830.60"},"11.10.2023",{"v":0,"d":"0.00"},{"v":100,"d":"100.00"},"","16.3695030"]
[96,"Перекладина гимнаст(универс)","Шарапова Ирина\nНикифоровна","000000000291","31.08.2006","31.08.2006","",60,{"v":12240,"d":"12240.00"},{"v":12240,"d":"12240.00"},"11.10.2023",{"v":0,"d":"0.00"},{"v":100,"d":"100.00"},"","16.3693552"]
[97,"Перс.компьютерRAY(монитор Samsunc)","Шарапова Ирина\nНикифоровна","000000001624","30.11.2006","30.11.2006","",60,16349.84,16349.84,"11.10.2023",{"v":0,"d":"0.00"},{"v":100,"d":"100.00"},"","14.3020204"]
[98,"Печатное издание \"Культурный дневник школьника\"","Шарапова Ирина\nНикифоровна","","21.07.2020","21.07.2020","","",741.07,741.07,"11.10.2023",{"v":0,"d":"0.00"},{"v":100,"d":"100.00"},"",""]
[99,"Плита электрическая","Шарапова Ирина\nНикифоровна","000000000038","01.01.2004","01.01.2004","",36,{"v":10117.8,"d":"10117.80"},{"v":10117.8,"d":"10117.80"},"11.10.2023",{"v":0,"d":"0.00"},{"v":100,"d":"100.00"},"","14.3190000"]
[100,"плита электр.пэж-4-1 сдух.(860*860*840)","Шарапова Ирина\nНикифоровна","000000000945","30.09.2006","30.09.2006","",84,{"v":28090.8,"d":"28090.80"},{"v":28090.8,"d":"28090.80"},"11.10.2023",{"v":0,"d":"0.00"},{"v":100,"d":"100.00"},"","16.2930120"]
[101,"плита электр.пэж-4-1 сдух.(860*860*840)","Шарапова Ирина\nНикифоровна","000000000944","30.09.2006","30.09.2006","",84,{"v":28090.8,"d":"28090.80"},{"v":28090.8,"d":"28090.80"},"11.10.2023",{"v":0,"d":"0.00"},{"v":100,"d":"100.00"},"","16.2930120"]
[102,"прилавок для столовых приб.ПСП-70К(НЕРЖ.","Шарапова Ирина\nНикифоровна","000000001058","30.09.2006","30.09.2006","",120,{"v":29733,"d":"29733.00"},{"v":29733,"d":"29733.00"},"11.10.2023",{"v":0,"d":"0.00"},{"v":100,"d":"100.00"},"","14.2919613"]
[103,"прилавок холодных закусок ПВВ(нерж.сталь","Шарапова Ирина\nНикифоровна","000000000959","30.09.2006","30.09.2006","",120,{"v":34238,"d":"34238.00"},{"v":34238,"d":"34238.00"},"11.10.2023",{"v":0,"d":"0.00"},{"v":100,"d":"100.00"},"","14.2919613"]
[104,"Принтер HP LOJ 1320","Шарапова Ирина\nНикифоровна","000000001611","30.11.2006","30.11.2006","",60,10539.36,10539.36,"11.10.2023",{"v":0,"d":"0.00"},{"v":100,"d":"100.00"},"","14.3020400"]
[105,"Принтер НР-3015","Шарапова Ирина\nНикифоровна","111000003138203","30.04.2013","30.04.2013","",0,{"v":16000,"d":"16000.00"},{"v":16000,"d":"16000.00"},"11.10.2023",{"v":0,"d":"0.00"},{"v":100,"d":"100.00"},"",""]
[106,"Проектор Optoma EX550","Шарапова Ирина\nНикифоровна","1923","31.12.2011","31.12.2011","",0,{"v":20137.5,"d":"20137.50"},{"v":20137.5,"d":"20137.50"},"11.10.2023",{"v":0,"d":"0.00"},{"v":100,"d":"100.00"},"","16.3695000"]
[107,"Проекционный комплект в составе","Шарапова Ирина\nНикифоровна","1930","18.07.2012","18.07.2012","",0,{"v":24249,"d":"24249.00"},{"v":24249,"d":"24249.00"},"11.10.2023",{"v":0,"d":"0.00"},{"v":100,"d":"100.00"},"","16.3695030"]
[108,"Проекционный комплект в составе","Шарапова Ирина\nНикифоровна","1920","30.11.2011","30.11.2011","",0,{"v":19000,"d":"19000.00"},{"v":19000,"d":"19000.00"},"11.10.2023",{"v":0,"d":"0.00"},{"v":100,"d":"100.00"},"",""]
[109,"Проекционный комплект в составе","Шарапова Ирина\nНикифоровна","1919","30.11.2011","30.11.2011","",0,{"v":19000,"d":"19000.00"},{"v":19000,"d":"19000.00"},"11.10.2023",{"v":0,"d":"0.00"},{"v":100,"d":"100.00"},"",""]
[110,"рабочее место секретаря с тумб.подкатной","Шарапова Ирина\nНикифоровна","000000000709","30.09.2006","30.09.2006","",84,{"v":4794,"d":"4794.00"},{"v":4794,"d":"4794.00"},"11.10.2023",{"v":0,"d":"0.00"},{"v":100,"d":"100.00"},"","16.3612220"]
[111,"рубанок IE 5708","Шарапова Ирина\nНикифоровна","000000001887","30.04.2007","30.04.2007","",0,{"v":4000,"d":"4000.00"},{"v":4000,"d":"4000.00"},"11.10.2023",{"v":0,"d":"0.00"},{"v":100,"d":"100.00"},"",""]
[112,"станок деревообрабатывающий сд","Шарапова Ирина\nНикифоровна","000000001883","30.04.2007","30.04.2007","",240,{"v":30000,"d":"30000.00"},{"v":24625,"d":"24625.00"},"11.10.2023",{"v":5375,"d":"5375.00"},82.08,"","14.2922040"]
[113,"станок ТВ по металлу","Шарапова Ирина\nНикифоровна","000000001898","30.04.2007","30.04.2007","",240,{"v":120000,"d":"120000.00"},{"v":98500,"d":"98500.00"},"11.10.2023",{"v":21500,"d":"21500.00"},82.08,"","14.2922040"]
[114,"Стеллаж двусторонний 1020*496*1992","Шарапова Ирина\nНикифоровна","000000000726","30.09.2006","30.09.2006","",300,3944.34,3944.34,"11.10.2023",{"v":0,"d":"0.00"},{"v":100,"d":"100.00"},""]
[115,"Стеллаж двусторонний 1020*496*1992","Шарапова Ирина\nНикифоровна","000000000738","30.09.2006","30.09.2006","",300,3944.34,3944.34,"11.10.2023",{"v":0,"d":"0.00"},{"v":100,"d":"100.00"},""]
[116,"Стеллаж двусторонний 1020*496*1992","Шарапова Ирина\nНикифоровна","000000000737","30.09.2006","30.09.2006","",300,3944.34,3944.34,"11.10.2023",{"v":0,"d":"0.00"},{"v":100,"d":"100.00"},""]
[117,"Стеллаж двусторонний 1020*496*1992","Шарапова Ирина\nНикифоровна","000000000736","30.09.2006","30.09.2006","",300,3944.34,3944.34,"11.10.2023",{"v":0,"d":"0.00"},{"v":100,"d":"100.00"},""]
[118,"Стеллаж двусторонний 1020*496*1992","Шарапова Ирина\nНикифоровна","000000000735","30.09.2006","30.09.2006","",300,3944.34,3944.34,"11.10.2023",{"v":0,"d":"0.00"},{"v":100,"d":"100.00"},""]
[119,"Стеллаж двусторонний 1020*496*1992","Шарапова Ирина\nНикифоровна","000000000734","30.09.2006","30.09.2006","",300,3944.34,3944.34,"11.10.2023",{"v":0,"d":"0.00"},{"v":100,"d":"100.00"},""]
[120,"Стеллаж двусторонний 1020*496*1992","Шарапова Ирина\nНикифоровна","000000000733","30.09.2006","30.09.2006","",300,3944.34,3944.34,"11.10.2023",{"v":0,"d":"0.00"},{"v":100,"d":"100.00"},""]
[121,"Стеллаж двусторонний 1020*496*1992","Шарапова Ирина\nНикифоровна","000000000732","30.09.2006","30.09.2006","",300,3944.34,3944.34,"11.10.2023",{"v":0,"d":"0.00"},{"v":100,"d":"100.00"},""]
[122,"Стеллаж двусторонний 1020*496*1992","Шарапова Ирина\nНикифоровна","000000000731","30.09.2006","30.09.2006","",300,3944.34,3944.34,"11.10.2023",{"v":0,"d":"0.00"},{"v":100,"d":"100.00"},""]
[123,"Стеллаж двусторонний 1020*496*1992","Шарапова Ирина\nНикифоровна","000000000730","30.09.2006","30.09.2006","",300,3944.34,3944.34,"11.10.2023",{"v":0,"d":"0.00"},{"v":100,"d":"100.00"},""]
[124,"Стеллаж двусторонний 1020*496*1992","Шарапова Ирина\nНикифоровна","000000000729","30.09.2006","30.09.2006","",300,3944.34,3944.34,"11.10.2023",{"v":0,"d":"0.00"},{"v":100,"d":"100.00"},""]
[125,"Стеллаж двусторонний 1020*496*1992","Шарапова Ирина\nНикифоровна","000000000728","30.09.2006","30.09.2006","",300,3944.34,3944.34,"11.10.2023",{"v":0,"d":"0.00"},{"v":100,"d":"100.00"},""]
[126,"Стеллаж двусторонний 1020*496*1992","Шарапова Ирина\nНикифоровна","000000000727","30.09.2006","30.09.2006","",300,3944.34,3944.34,"11.10.2023",{"v":0,"d":"0.00"},{"v":100,"d":"100.00"},"","16.3612040"]
[127,"стеллаж производственный ст 940-2","Шарапова Ирина\nНикифоровна","000000000927","30.09.2006","30.09.2006","",84,{"v":5508,"d":"5508.00"},{"v":5508,"d":"5508.00"},"11.10.2023",{"v":0,"d":"0.00"},{"v":100,"d":"100.00"},""]
[128,"стеллаж производственный ст 940-2","Шарапова Ирина\nНикифоровна","000000000928","30.09.2006","30.09.2006","",84,{"v":5508,"d":"5508.00"},{"v":5508,"d":"5508.00"},"11.10.2023",{"v":0,"d":"0.00"},{"v":100,"d":"100.00"},""]
[129,"стеллаж производственный ст 940-2","Шарапова Ирина\nНикифоровна","000000000929","30.09.2006","30.09.2006","",84,{"v":5508,"d":"5508.00"},{"v":5508,"d":"5508.00"},"11.10.2023",{"v":0,"d":"0.00"},{"v":100,"d":"100.00"},""]
[130,"стеллаж производственный ст 940-2","Шарапова Ирина\nНикифоровна","000000000931","30.09.2006","30.09.2006","",84,{"v":5508,"d":"5508.00"},{"v":5508,"d":"5508.00"},"11.10.2023",{"v":0,"d":"0.00"},{"v":100,"d":"100.00"},""]
[131,"стеллаж производственный ст 940-2","Шарапова Ирина\nНикифоровна","000000000930","30.09.2006","30.09.2006","",84,{"v":5508,"d":"5508.00"},{"v":5508,"d":"5508.00"},"11.10.2023",{"v":0,"d":"0.00"},{"v":100,"d":"100.00"},"","16.3612211"]
[132,"стеллаж складской","Шарапова Ирина\nНикифоровна","000000000937","30.09.2006","30.09.2006","",84,{"v":4411.5,"d":"4411.50"},{"v":4411.5,"d":"4411.50"},"11.10.2023",{"v":0,"d":"0.00"},{"v":100,"d":"100.00"},""]
[133,"стеллаж складской","Шарапова Ирина\nНикифоровна","000000000936","30.09.2006","30.09.2006","",84,{"v":4411.5,"d":"4411.50"},{"v":4411.5,"d":"4411.50"},"11.10.2023",{"v":0,"d":"0.00"},{"v":100,"d":"100.00"},""]
[134,"стеллаж складской","Шарапова Ирина\nНикифоровна","000000000935","30.09.2006","30.09.2006","",84,{"v":4411.5,"d":"4411.50"},{"v":4411.5,"d":"4411.50"},"11.10.2023",{"v":0,"d":"0.00"},{"v":100,"d":"100.00"},""]
[135,"стеллаж складской","Шарапова Ирина\nНикифоровна","000000000934","30.09.2006","30.09.2006","",84,{"v":4411.5,"d":"4411.50"},{"v":4411.5,"d":"4411.50"},"11.10.2023",{"v":0,"d":"0.00"},{"v":100,"d":"100.00"},""]
[136,"стеллаж складской","Шарапова Ирина\nНикифоровна","000000000933","30.09.2006","30.09.2006","",84,{"v":4411.5,"d":"4411.50"},{"v":4411.5,"d":"4411.50"},"11.10.2023",{"v":0,"d":"0.00"},{"v":100,"d":"100.00"},""]
[137,"стеллаж складской","Шарапова Ирина\nНикифоровна","000000000932","30.09.2006","30.09.2006","",84,{"v":4411.5,"d":"4411.50"},{"v":4411.5,"d":"4411.50"},"11.10.2023",{"v":0,"d":"0.00"},{"v":100,"d":"100.00"},"","16.3612220"]
[138,"Стойка волейбольная с сеткой","Шарапова Ирина\nНикифоровна","000000000295","31.08.2006","31.08.2006","",60,{"v":3060,"d":"3060.00"},{"v":3060,"d":"3060.00"},"11.10.2023",{"v":0,"d":"0.00"},{"v":100,"d":"100.00"},"","16.3693551"]
[139,"стол демон.д-каб.физики 2400*950*900","Шарапова Ирина\nНикифоровна","000000000642","30.09.2006","30.09.2006","",84,6398.46,6398.46,"11.10.2023",{"v":0,"d":"0.00"},{"v":100,"d":"100.00"},"","16.3612170"]
[140,"стол демон.д-каб.химии 3250*830*900-740","Шарапова Ирина\nНикифоровна","000000000641","30.09.2006","30.09.2006","",84,6398.46,6398.46,"11.10.2023",{"v":0,"d":"0.00"},{"v":100,"d":"100.00"},"","16.3612170"]
[141,"стол обеденный со скамейками","Шарапова Ирина\nНикифоровна","0000000000001903","31.01.2008","31.01.2008","",0,{"v":4400,"d":"4400.00"},{"v":4400,"d":"4400.00"},"11.10.2023",{"v":0,"d":"0.00"},{"v":100,"d":"100.00"},"",""]
[142,"стол производственный сп-950","Шарапова Ирина\nНикифоровна","000000000914","30.09.2006","30.09.2006","",84,{"v":3901.5,"d":"3901.50"},{"v":3901.5,"d":"3901.50"},"11.10.2023",{"v":0,"d":"0.00"},{"v":100,"d":"100.00"},""]
[143,"стол производственный сп-950","Шарапова Ирина\nНикифоровна","000000000913","30.09.2006","30.09.2006","",84,{"v":3901.5,"d":"3901.50"},{"v":3901.5,"d":"3901.50"},"11.10.2023",{"v":0,"d":"0.00"},{"v":100,"d":"100.00"},""]
[144,"стол производственный сп-950","Шарапова Ирина\nНикифоровна","000000000912","30.09.2006","30.09.2006","",84,{"v":3901.5,"d":"3901.50"},{"v":3901.5,"d":"3901.50"},"11.10.2023",{"v":0,"d":"0.00"},{"v":100,"d":"100.00"},""]
[145,"стол производственный сп-950","Шарапова Ирина\nНикифоровна","000000000911","30.09.2006","30.09.2006","",84,{"v":3901.5,"d":"3901.50"},{"v":3901.5,"d":"3901.50"},"11.10.2023",{"v":0,"d":"0.00"},{"v":100,"d":"100.00"},""]
[146,"стол производственный сп-950","Шарапова Ирина\nНикифоровна","000000000910","30.09.2006","30.09.2006","",84,{"v":3901.5,"d":"3901.50"},{"v":3901.5,"d":"3901.50"},"11.10.2023",{"v":0,"d":"0.00"},{"v":100,"d":"100.00"},"","16.3612274"]
[147,"стол производств.сп-1200","Шарапова Ирина\nНикифоровна","000000000920","30.09.2006","30.09.2006","",84,{"v":5635.5,"d":"5635.50"},{"v":5635.5,"d":"5635.50"},"11.10.2023",{"v":0,"d":"0.00"},{"v":100,"d":"100.00"},""]
[148,"стол производств.сп-1200","Шарапова Ирина\nНикифоровна","000000000919","30.09.2006","30.09.2006","",84,{"v":5635.5,"d":"5635.50"},{"v":5635.5,"d":"5635.50"},"11.10.2023",{"v":0,"d":"0.00"},{"v":100,"d":"100.00"},""]
[149,"стол производств.сп-1200","Шарапова Ирина\nНикифоровна","000000000918","30.09.2006","30.09.2006","",84,{"v":5635.5,"d":"5635.50"},{"v":5635.5,"d":"5635.50"},"11.10.2023",{"v":0,"d":"0.00"},{"v":100,"d":"100.00"},""]
[150,"стол производств.сп-1200","Шарапова Ирина\nНикифоровна","000000000917","30.09.2006","30.09.2006","",84,{"v":5635.5,"d":"5635.50"},{"v":5635.5,"d":"5635.50"},"11.10.2023",{"v":0,"d":"0.00"},{"v":100,"d":"100.00"},"","16.3612274"]
[151,"стол раб.1400*700с подвес.тумбой с замко","Шарапова Ирина\nНикифоровна","000000000839","30.09.2006","30.09.2006","",84,{"v":3162,"d":"3162.00"},{"v":3162,"d":"3162.00"},"11.10.2023",{"v":0,"d":"0.00"},{"v":100,"d":"100.00"},"","16.3612371"]
[152,"СТОЛ ШАХМАТНЫЙ","Шарапова Ирина\nНикифоровна","0000000000001900","31.01.2008","31.01.2008","",0,{"v":6490,"d":"6490.00"},{"v":6490,"d":"6490.00"},"11.10.2023",{"v":0,"d":"0.00"},{"v":100,"d":"100.00"},""]
[153,"СТОЛ ШАХМАТНЫЙ","Шарапова Ирина\nНикифоровна","0000000000001899","31.01.2008","31.01.2008","",0,{"v":6490,"d":"6490.00"},{"v":6490,"d":"6490.00"},"11.10.2023",{"v":0,"d":"0.00"},{"v":100,"d":"100.00"},"",""]
[154,"Тандем-2м","Шарапова Ирина\nНикифоровна","1060000000000000541","09.01.2017","24.11.2015","",0,{"v":36815,"d":"36815.00"},{"v":36815,"d":"36815.00"},"11.10.2023",{"v":0,"d":"0.00"},{"v":100,"d":"100.00"},"",""]
[155,"Татарский язык. 8 класс: учебник для общеобразовательных организации основного общего образования с обучением на русском языке (для изучающих татарский язык).","Шарапова Ирина\nНикифоровна","","15.06.2015","15.06.2015","",0,{"v":2700,"d":"2700.00"},{"v":2700,"d":"2700.00"},"11.10.2023",{"v":0,"d":"0.00"},{"v":100,"d":"100.00"},"",""]
[156,"Татарский язык с нуля, самоучитель для начинающих","Шарапова Ирина\nНикифоровна","0000000383","07.04.2023","07.04.2023","","",1383.11,1383.11,"11.10.2023",{"v":0,"d":"0.00"},{"v":100,"d":"100.00"},"",""]
[157,"Телевизор панасоник","Шарапова Ирина\nНикифоровна","000000000037","01.01.2005","01.01.2005","",84,{"v":8165,"d":"8165.00"},{"v":8165,"d":"8165.00"},"11.10.2023",{"v":0,"d":"0.00"},{"v":100,"d":"100.00"},"","14.3230102"]
[158,"Теллурий (Модель Сольнце-Земля-Луна)","Шарапова Ирина\nНикифоровна","100754","20.12.2013","20.12.2013","",0,{"v":5750,"d":"5750.00"},{"v":5750,"d":"5750.00"},"11.10.2023",{"v":0,"d":"0.00"},{"v":100,"d":"100.00"},"",""]
[159,"Торс человека разборный","Шарапова Ирина\nНикифоровна","100757","20.12.2013","20.12.2013","",0,{"v":3500,"d":"3500.00"},{"v":3500,"d":"3500.00"},"11.10.2023",{"v":0,"d":"0.00"},{"v":100,"d":"100.00"},"",""]
[160,"точило DSC 150 EINHELL","Шарапова Ирина\nНикифоровна","000000001895","30.04.2007","30.04.2007","",0,{"v":5000,"d":"5000.00"},{"v":5000,"d":"5000.00"},"11.10.2023",{"v":0,"d":"0.00"},{"v":100,"d":"100.00"},"",""]
[161,"тумба для инструмента метал.530*520*1040","Шарапова Ирина\nНикифоровна","000000000710","30.09.2006","30.09.2006","",60,{"v":10710,"d":"10710.00"},{"v":10710,"d":"10710.00"},"11.10.2023",{"v":0,"d":"0.00"},{"v":100,"d":"100.00"},"","16.3695151"]
[162,"учебник в комплекте","Шарапова Ирина\nНикифоровна","","28.08.2014","28.08.2014","",0,37598.01,37598.01,"11.10.2023",{"v":0,"d":"0.00"},{"v":100,"d":"100.00"},"",""]
[163,"учебник в комплекте","Шарапова Ирина\nНикифоровна","","02.01.2015","02.01.2015","",0,{"v":141.8,"d":"141.80"},{"v":141.8,"d":"141.80"},"11.10.2023",{"v":0,"d":"0.00"},{"v":100,"d":"100.00"},"",""]
[164,"учебник в комплекте","Шарапова Ирина\nНикифоровна","","17.10.2019","17.10.2019","","",2589.84,2589.84,"11.10.2023",{"v":0,"d":"0.00"},{"v":100,"d":"100.00"},"",""]
[165,"учебник в комплекте","Шарапова Ирина\nНикифоровна","","16.06.2014","16.06.2014","",0,5128.65,5128.65,"11.10.2023",{"v":0,"d":"0.00"},{"v":100,"d":"100.00"},"",""]
[166,"учебники в комплекте","Шарапова Ирина\nНикифоровна","","30.06.2017","30.06.2017","",0,{"v":20694.6,"d":"20694.60"},{"v":20694.6,"d":"20694.60"},"11.10.2023",{"v":0,"d":"0.00"},{"v":100,"d":"100.00"},"",""]
[167,"учебники в комплекте","Шарапова Ирина\nНикифоровна","","02.01.2015","02.01.2015","",0,2801.08,2801.08,"11.10.2023",{"v":0,"d":"0.00"},{"v":100,"d":"100.00"},"",""]
[168,"учебники в комплекте","Шарапова Ирина\nНикифоровна","","31.07.2015","31.07.2015","",0,{"v":1750,"d":"1750.00"},{"v":1750,"d":"1750.00"},"11.10.2023",{"v":0,"d":"0.00"},{"v":100,"d":"100.00"},"",""]
[169,"учебники в комплекте","Шарапова Ирина\nНикифоровна","","30.06.2015","30.06.2015","",0,54310.13,54310.13,"11.10.2023",{"v":0,"d":"0.00"},{"v":100,"d":"100.00"},"",""]
[170,"учебники в комплекте","Шарапова Ирина\nНикифоровна","","31.07.2015","31.07.2015","",0,{"v":600,"d":"600.00"},{"v":600,"d":"600.00"},"11.10.2023",{"v":0,"d":"0.00"},{"v":100,"d":"100.00"},"",""]
[171,"учебники в комплекте","Шарапова Ирина\nНикифоровна","","31.05.2016","31.05.2016","",0,60173.28,60173.28,"11.10.2023",{"v":0,"d":"0.00"},{"v":100,"d":"100.00"},"",""]
[172,"учебники в комплекте","Шарапова Ирина\nНикифоровна","","31.08.2016","31.08.2016","",0,{"v":4440,"d":"4440.00"},{"v":4440,"d":"4440.00"},"11.10.2023",{"v":0,"d":"0.00"},{"v":100,"d":"100.00"},"",""]
[173,"учебники в комплекте","Шарапова Ирина\nНикифоровна","","31.12.2016","31.12.2016","",0,1661.54,1661.54,"11.10.2023",{"v":0,"d":"0.00"},{"v":100,"d":"100.00"},"",""]
[174,"учебники в комплекте","Шарапова Ирина\nНикифоровна","","31.12.2016","31.12.2016","",0,{"v":912,"d":"912.00"},{"v":912,"d":"912.00"},"11.10.2023",{"v":0,"d":"0.00"},{"v":100,"d":"100.00"},"",""]
[175,"учебники в комплекте","Шарапова Ирина\nНикифоровна","","31.12.2016","31.12.2016","",0,{"v":270,"d":"270.00"},{"v":270,"d":"270.00"},"11.10.2023",{"v":0,"d":"0.00"},{"v":100,"d":"100.00"},"",""]
[176,"учебники в комплекте","Шарапова Ирина\nНикифоровна","","31.12.2016","31.12.2016","",0,{"v":4458,"d":"4458.00"},{"v":4458,"d":"4458.00"},"11.10.2023",{"v":0,"d":"0.00"},{"v":100,"d":"100.00"},"",""]
[177,"учебники в комплекте","Шарапова Ирина\nНикифоровна","","31.12.2016","31.12.2016","",0,{"v":2480,"d":"2480.00"},{"v":2480,"d":"2480.00"},"11.10.2023",{"v":0,"d":"0.00"},{"v":100,"d":"100.00"},"",""]
[178,"учебники в комплекте","Шарапова Ирина\nНикифоровна","","30.06.2017","30.06.2017","",0,{"v":15481.5,"d":"15481.50"},{"v":15481.5,"d":"15481.50"},"11.10.2023",{"v":0,"d":"0.00"},{"v":100,"d":"100.00"},"",""]
[179,"учебники в комплекте","Шарапова Ирина\nНикифоровна","","30.06.2017","30.06.2017","",0,{"v":1114.5,"d":"1114.50"},{"v":1114.5,"d":"1114.50"},"11.10.2023",{"v":0,"d":"0.00"},{"v":100,"d":"100.00"},"",""]
[180,"учебники в комплекте","Шарапова Ирина\nНикифоровна","","30.06.2017","30.06.2017","",0,{"v":270,"d":"270.00"},{"v":270,"d":"270.00"},"11.10.2023",{"v":0,"d":"0.00"},{"v":100,"d":"100.00"},"",""]
[181,"учебники в комплекте","Шарапова Ирина\nНикифоровна","","31.07.2017","31.07.2017","",0,{"v":1754.4,"d":"1754.40"},{"v":1754.4,"d":"1754.40"},"11.10.2023",{"v":0,"d":"0.00"},{"v":100,"d":"100.00"},"",""]
[182,"учебники в комплекте","Шарапова Ирина\nНикифоровна","","31.07.2017","31.07.2017","",0,{"v":800,"d":"800.00"},{"v":800,"d":"800.00"},"11.10.2023",{"v":0,"d":"0.00"},{"v":100,"d":"100.00"},"",""]
[183,"учебники в комплекте","Шарапова Ирина\nНикифоровна","","31.08.2017","31.08.2017","",0,2300.64,2300.64,"11.10.2023",{"v":0,"d":"0.00"},{"v":100,"d":"100.00"},"",""]
[184,"учебники в комплекте","Шарапова Ирина\nНикифоровна","","31.05.2017","31.05.2017","",0,{"v":1114.5,"d":"1114.50"},{"v":1114.5,"d":"1114.50"},"11.10.2023",{"v":0,"d":"0.00"},{"v":100,"d":"100.00"},"",""]
[185,"учебники в комплекте","Шарапова Ирина\nНикифоровна","","24.06.2019","01.07.2019","","",15869.51,15869.51,"11.10.2023",{"v":0,"d":"0.00"},{"v":100,"d":"100.00"},"",""]
[186,"Учебники в комплекте","Шарапова Ирина\nНикифоровна","","12.12.2019","12.12.2019","","",{"v":576,"d":"576.00"},{"v":576,"d":"576.00"},"11.10.2023",{"v":0,"d":"0.00"},{"v":100,"d":"100.00"},"",""]
[187,"Учебники в комплекте","Шарапова Ирина\nНикифоровна","","21.06.2013","21.06.2013","",0,2725.28,2725.28,"11.10.2023",{"v":0,"d":"0.00"},{"v":100,"d":"100.00"},"",""]
[188,"Учебники в комплекте","Шарапова Ирина\nНикифоровна","","10.06.2013","10.06.2013","",0,12802.66,12802.66,"11.10.2023",{"v":0,"d":"0.00"},{"v":100,"d":"100.00"},"",""]
[189,"Учебники в комплекте","Шарапова Ирина\nНикифоровна","","01.01.2013","01.01.2013","",0,{"v":1770,"d":"1770.00"},{"v":1770,"d":"1770.00"},"11.10.2023",{"v":0,"d":"0.00"},{"v":100,"d":"100.00"},"",""]
[190,"Учебники в комплекте","Шарапова Ирина\nНикифоровна","","15.01.2013","15.01.2013","",0,2454.16,2454.16,"11.10.2023",{"v":0,"d":"0.00"},{"v":100,"d":"100.00"},"",""]
[191,"Учебники в комплекте","Шарапова Ирина\nНикифоровна","","01.01.2013","01.01.2013","",0,{"v":2050,"d":"2050.00"},{"v":2050,"d":"2050.00"},"11.10.2023",{"v":0,"d":"0.00"},{"v":100,"d":"100.00"},"",""]
[192,"Учебники в комплекте","Шарапова Ирина\nНикифоровна","","06.02.2013","06.02.2013","",0,1870.11,1870.11,"11.10.2023",{"v":0,"d":"0.00"},{"v":100,"d":"100.00"},"",""]
[193,"Учебники в комплекте","Шарапова Ирина\nНикифоровна","","25.06.2013","25.06.2013","",0,{"v":6096,"d":"6096.00"},{"v":6096,"d":"6096.00"},"11.10.2023",{"v":0,"d":"0.00"},{"v":100,"d":"100.00"},"",""]
[194,"Учебники в комплекте","Шарапова Ирина\nНикифоровна","","01.01.2013","01.01.2013","",0,{"v":991.1,"d":"991.10"},{"v":991.1,"d":"991.10"},"11.10.2023",{"v":0,"d":"0.00"},{"v":100,"d":"100.00"},"",""]
[195,"Учебники в комплекте","Шарапова Ирина\nНикифоровна","","20.02.2020","20.02.2020","","",{"v":4344.6,"d":"4344.60"},{"v":4344.6,"d":"4344.60"},"11.10.2023",{"v":0,"d":"0.00"},{"v":100,"d":"100.00"},"",""]
[196,"Учебники в комплекте","Шарапова Ирина\nНикифоровна","","12.06.2020","12.06.2020","","",913.88,913.88,"11.10.2023",{"v":0,"d":"0.00"},{"v":100,"d":"100.00"},"",""]
[197,"Учебники в комплекте","Шарапова Ирина\nНикифоровна","","12.06.2020","12.06.2020","","",{"v":8042.1,"d":"8042.10"},{"v":8042.1,"d":"8042.10"},"11.10.2023",{"v":0,"d":"0.00"},{"v":100,"d":"100.00"},"",""]
[198,"Учебники в комплекте","Шарапова Ирина\nНикифоровна","","19.10.2022","19.10.2022","","",{"v":4827.9,"d":"4827.90"},{"v":4827.9,"d":"4827.90"},"11.10.2023",{"v":0,"d":"0.00"},{"v":100,"d":"100.00"},"",""]
[199,"Учебники в комплекте","Шарапова Ирина\nНикифоровна","","02.12.2019","02.12.2019","","",{"v":273.9,"d":"273.90"},{"v":273.9,"d":"273.90"},"11.10.2023",{"v":0,"d":"0.00"},{"v":100,"d":"100.00"},"",""]
[200,"Учебники в комплекте","Шарапова Ирина\nНикифоровна","","30.04.2015","30.04.2015","",0,255.39,255.39,"11.10.2023",{"v":0,"d":"0.00"},{"v":100,"d":"100.00"},"",""]
[201,"Учебники в комплекте","Шарапова Ирина\nНикифоровна","","20.11.2019","20.11.2019","","",261.89,261.89,"11.10.2023",{"v":0,"d":"0.00"},{"v":100,"d":"100.00"},"",""]
[202,"Учебники в комплекте","Шарапова Ирина\nНикифоровна","","19.10.2022","19.10.2022","","",82143.05,82143.05,"11.10.2023",{"v":0,"d":"0.00"},{"v":100,"d":"100.00"},"",""]
[203,"Учебники в комплекте","Шарапова Ирина\nНикифоровна","","25.12.2019","25.12.2019","","",426.53,426.53,"11.10.2023",{"v":0,"d":"0.00"},{"v":100,"d":"100.00"},"",""]
[204,"Учебники в комплекте","Шарапова Ирина\nНикифоровна","0000000389","25.08.2023","25.08.2023","","",{"v":1782,"d":"1782.00"},{"v":1782,"d":"1782.00"},"11.10.2023",{"v":0,"d":"0.00"},{"v":100,"d":"100.00"},"",""]
[205,"Учебники в комплекте","Шарапова Ирина\nНикифоровна","","05.11.2020","05.11.2020","","",{"v":1364,"d":"1364.00"},{"v":1364,"d":"1364.00"},"11.10.2023",{"v":0,"d":"0.00"},{"v":100,"d":"100.00"},"",""]
[206,"Учебники в комплекте","Шарапова Ирина\nНикифоровна","","21.12.2020","21.12.2020","","",1350.12,1350.12,"11.10.2023",{"v":0,"d":"0.00"},{"v":100,"d":"100.00"},"",""]
[207,"Учебники в комплекте","Шарапова Ирина\nНикифоровна","","01.06.2021","01.06.2021","","",10464.52,10464.52,"11.10.2023",{"v":0,"d":"0.00"},{"v":100,"d":"100.00"},"",""]
[208,"Учебники в комплекте","Шарапова Ирина\nНикифоровна","","15.05.2020","15.05.2020","","",6827.92,6827.92,"11.10.2023",{"v":0,"d":"0.00"},{"v":100,"d":"100.00"},"",""]
[209,"Учебники в комплекте","Шарапова Ирина\nНикифоровна","","13.05.2022","13.05.2022","","",{"v":37115.1,"d":"37115.10"},{"v":37115.1,"d":"37115.10"},"11.10.2023",{"v":0,"d":"0.00"},{"v":100,"d":"100.00"},"",""]
[210,"Учебники в комплекте","Шарапова Ирина\nНикифоровна","","09.11.2022","09.11.2022","","",{"v":9240,"d":"9240.00"},{"v":9240,"d":"9240.00"},"11.10.2023",{"v":0,"d":"0.00"},{"v":100,"d":"100.00"},"",""]
[211,"Учебники в комплекте","Шарапова Ирина\nНикифоровна","","17.04.2020","17.04.2020","","",{"v":12371.4,"d":"12371.40"},{"v":12371.4,"d":"12371.40"},"11.10.2023",{"v":0,"d":"0.00"},{"v":100,"d":"100.00"},"",""]
[212,"Учебники в комплекте","Шарапова Ирина\nНикифоровна","0000000390","29.09.2023","29.09.2023","","",{"v":1200,"d":"1200.00"},{"v":1200,"d":"1200.00"},"11.10.2023",{"v":0,"d":"0.00"},{"v":100,"d":"100.00"},"",""]
[213,"Учебники в комплекте","Шарапова Ирина\nНикифоровна","0000000387","06.06.2023","06.06.2023","","",57241.25,57241.25,"11.10.2023",{"v":0,"d":"0.00"},{"v":100,"d":"100.00"},"",""]
[214,"Учебники в комплекте","Шарапова Ирина\nНикифоровна","0000000388","27.06.2023","27.06.2023","","",1069.75,1069.75,"11.10.2023",{"v":0,"d":"0.00"},{"v":100,"d":"100.00"},"",""]
[215,"Учебники в комплекте","Шарапова Ирина\nНикифоровна","","10.08.2021","10.08.2021","","",1413.06,1413.06,"11.10.2023",{"v":0,"d":"0.00"},{"v":100,"d":"100.00"},"",""]
[216,"Учебники в комплекте","Шарапова Ирина\nНикифоровна","","11.09.2012","11.09.2012","",0,{"v":844,"d":"844.00"},{"v":844,"d":"844.00"},"11.10.2023",{"v":0,"d":"0.00"},{"v":100,"d":"100.00"},"",""]
[217,"Учебники в комплекте","Шарапова Ирина\nНикифоровна","","17.06.2021","17.06.2021","","",7864.12,7864.12,"11.10.2023",{"v":0,"d":"0.00"},{"v":100,"d":"100.00"},"",""]
[218,"Учебники в комплекте","Шарапова Ирина\nНикифоровна","","15.08.2012","15.08.2012","",0,{"v":384,"d":"384.00"},{"v":384,"d":"384.00"},"11.10.2023",{"v":0,"d":"0.00"},{"v":100,"d":"100.00"},"",""]
[219,"Учебники в комплекте","Шарапова Ирина\nНикифоровна","","15.08.2012","15.08.2012","",0,{"v":3048,"d":"3048.00"},{"v":3048,"d":"3048.00"},"11.10.2023",{"v":0,"d":"0.00"},{"v":100,"d":"100.00"},"",""]
[220,"Учебники в комплекте","Шарапова Ирина\nНикифоровна","","13.07.2012","13.07.2012","",0,{"v":720,"d":"720.00"},{"v":720,"d":"720.00"},"11.10.2023",{"v":0,"d":"0.00"},{"v":100,"d":"100.00"},"",""]
[221,"Учебники в комплекте","Шарапова Ирина\nНикифоровна","","10.07.2012","10.07.2012","",0,{"v":6907.4,"d":"6907.40"},{"v":6907.4,"d":"6907.40"},"11.10.2023",{"v":0,"d":"0.00"},{"v":100,"d":"100.00"},"",""]
[222,"Учебники в комплекте","Шарапова Ирина\nНикифоровна","","10.07.2012","10.07.2012","",0,2589.36,2589.36,"11.10.2023",{"v":0,"d":"0.00"},{"v":100,"d":"100.00"},"",""]
[223,"Учебники в комплекте","Шарапова Ирина\nНикифоровна","","05.02.2018","","","",{"v":4382,"d":"4382.00"},{"v":4382,"d":"4382.00"},"11.10.2023",{"v":0,"d":"0.00"},{"v":100,"d":"100.00"},"",""]
[224,"Учебники в комплекте","Шарапова Ирина\nНикифоровна","","25.07.2018","","","",31167.29,31167.29,"11.10.2023",{"v":0,"d":"0.00"},{"v":100,"d":"100.00"},"",""]
[225,"Учебники в комплекте","Шарапова Ирина\nНикифоровна","","03.12.2018","","","",839.85,839.85,"11.10.2023",{"v":0,"d":"0.00"},{"v":100,"d":"100.00"},"",""]
[226,"Учебное пособие \"История Татарстана и татарского народа\"","Шарапова Ирина\nНикифоровна","","17.06.2020","17.06.2020","","",245.57,245.57,"11.10.2023",{"v":0,"d":"0.00"},{"v":100,"d":"100.00"},"",""]
[227,"Факс Panasonic","Шарапова Ирина\nНикифоровна","000000000885","31.12.2006","31.12.2006","",120,{"v":7779.2,"d":"7779.20"},{"v":7779.2,"d":"7779.20"},"11.10.2023",{"v":0,"d":"0.00"},{"v":100,"d":"100.00"},"","14.3222146"]
[228,"Фрагмент -Карта РФ-мира-","Шарапова Ирина\nНикифоровна","100793","20.12.2013","20.12.2013","",0,{"v":8300,"d":"8300.00"},{"v":8300,"d":"8300.00"},"11.10.2023",{"v":0,"d":"0.00"},{"v":100,"d":"100.00"},"",""]
[229,"Фрагмент -Разбор по частям речи- разбор слова по составу","Шарапова Ирина\nНикифоровна","100788","20.12.2013","20.12.2013","",0,{"v":8950,"d":"8950.00"},{"v":8950,"d":"8950.00"},"11.10.2023",{"v":0,"d":"0.00"},{"v":100,"d":"100.00"},"",""]
[230,"Фрагмент -Таблица классов и разрядов-","Шарапова Ирина\nНикифоровна","100792","20.12.2013","20.12.2013","",0,{"v":3080,"d":"3080.00"},{"v":3080,"d":"3080.00"},"11.10.2023",{"v":0,"d":"0.00"},{"v":100,"d":"100.00"},"",""]
[231,"Холодильник POZIS-Мир 101-8","Шарапова Ирина\nНикифоровна","1929","03.07.2012","03.07.2012","",60,{"v":10900,"d":"10900.00"},{"v":10900,"d":"10900.00"},"11.10.2023",{"v":0,"d":"0.00"},{"v":100,"d":"100.00"},"","16.2930100"]
[232,"хОЛОДИЛЬНИК сВИЯГА-404 1300Х600Х607","Шарапова Ирина\nНикифоровна","000000001064","30.09.2006","30.09.2006","",84,{"v":7369.5,"d":"7369.50"},{"v":7369.5,"d":"7369.50"},"11.10.2023",{"v":0,"d":"0.00"},{"v":100,"d":"100.00"},"","16.2930100"]
[233,"Художественно-анимационное издание","Шарапова Ирина\nНикифоровна","","28.08.2020","28.08.2020","","",{"v":490.5,"d":"490.50"},{"v":490.5,"d":"490.50"},"11.10.2023",{"v":0,"d":"0.00"},{"v":100,"d":"100.00"},"",""]
[234,"Художественно-анимационное издание (книга+диск)","Шарапова Ирина\nНикифоровна","","12.12.2019","12.12.2019","","",{"v":1194,"d":"1194.00"},{"v":1194,"d":"1194.00"},"11.10.2023",{"v":0,"d":"0.00"},{"v":100,"d":"100.00"},"",""]
[235,"шкаф для одежды 1020*570*1783","Шарапова Ирина\nНикифоровна","000000000695","30.09.2006","30.09.2006","",84,{"v":3136.5,"d":"3136.50"},{"v":3136.5,"d":"3136.50"},"11.10.2023",{"v":0,"d":"0.00"},{"v":100,"d":"100.00"},""]
[236,"шкаф для одежды 1020*570*1783","Шарапова Ирина\nНикифоровна","000000000694","30.09.2006","30.09.2006","",84,{"v":3136.5,"d":"3136.50"},{"v":3136.5,"d":"3136.50"},"11.10.2023",{"v":0,"d":"0.00"},{"v":100,"d":"100.00"},""]
[237,"шкаф для одежды 1020*570*1783","Шарапова Ирина\nНикифоровна","000000000683","30.09.2006","30.09.2006","",84,{"v":3136.5,"d":"3136.50"},{"v":3136.5,"d":"3136.50"},"11.10.2023",{"v":0,"d":"0.00"},{"v":100,"d":"100.00"},""]
[238,"шкаф для одежды 1020*570*1783","Шарапова Ирина\nНикифоровна","000000000684","30.09.2006","30.09.2006","",84,{"v":3136.5,"d":"3136.50"},{"v":3136.5,"d":"3136.50"},"11.10.2023",{"v":0,"d":"0.00"},{"v":100,"d":"100.00"},""]
[239,"шкаф для одежды 1020*570*1783","Шарапова Ирина\nНикифоровна","000000000685","30.09.2006","30.09.2006","",84,{"v":3136.5,"d":"3136.50"},{"v":3136.5,"d":"3136.50"},"11.10.2023",{"v":0,"d":"0.00"},{"v":100,"d":"100.00"},""]
[240,"шкаф для одежды 1020*570*1783","Шарапова Ирина\nНикифоровна","000000000686","30.09.2006","30.09.2006","",84,{"v":3136.5,"d":"3136.50"},{"v":3136.5,"d":"3136.50"},"11.10.2023",{"v":0,"d":"0.00"},{"v":100,"d":"100.00"},""]
[241,"шкаф для одежды 1020*570*1783","Шарапова Ирина\nНикифоровна","000000000687","30.09.2006","30.09.2006","",84,{"v":3136.5,"d":"3136.50"},{"v":3136.5,"d":"3136.50"},"11.10.2023",{"v":0,"d":"0.00"},{"v":100,"d":"100.00"},""]
[242,"шкаф для одежды 1020*570*1783","Шарапова Ирина\nНикифоровна","000000000688","30.09.2006","30.09.2006","",84,{"v":3136.5,"d":"3136.50"},{"v":3136.5,"d":"3136.50"},"11.10.2023",{"v":0,"d":"0.00"},{"v":100,"d":"100.00"},""]
[243,"шкаф для одежды 1020*570*1783","Шарапова Ирина\nНикифоровна","000000000689","30.09.2006","30.09.2006","",84,{"v":3136.5,"d":"3136.50"},{"v":3136.5,"d":"3136.50"},"11.10.2023",{"v":0,"d":"0.00"},{"v":100,"d":"100.00"},""]
[244,"шкаф для одежды 1020*570*1783","Шарапова Ирина\nНикифоровна","000000000690","30.09.2006","30.09.2006","",84,{"v":3136.5,"d":"3136.50"},{"v":3136.5,"d":"3136.50"},"11.10.2023",{"v":0,"d":"0.00"},{"v":100,"d":"100.00"},""]
[245,"шкаф для одежды 1020*570*1783","Шарапова Ирина\nНикифоровна","000000000691","30.09.2006","30.09.2006","",84,{"v":3136.5,"d":"3136.50"},{"v":3136.5,"d":"3136.50"},"11.10.2023",{"v":0,"d":"0.00"},{"v":100,"d":"100.00"},""]
[246,"шкаф для одежды 1020*570*1783","Шарапова Ирина\nНикифоровна","000000000692","30.09.2006","30.09.2006","",84,{"v":3136.5,"d":"3136.50"},{"v":3136.5,"d":"3136.50"},"11.10.2023",{"v":0,"d":"0.00"},{"v":100,"d":"100.00"},""]
[247,"шкаф для одежды 1020*570*1783","Шарапова Ирина\nНикифоровна","000000000693","30.09.2006","30.09.2006","",84,{"v":3136.5,"d":"3136.50"},{"v":3136.5,"d":"3136.50"},"11.10.2023",{"v":0,"d":"0.00"},{"v":100,"d":"100.00"},"","16.3311617"]
[248,"шкаф книжный со стеклом 1200*400*1950","Шарапова Ирина\nНикифоровна","000000000696","30.09.2006","30.09.2006","",84,{"v":3264,"d":"3264.00"},{"v":3264,"d":"3264.00"},"11.10.2023",{"v":0,"d":"0.00"},{"v":100,"d":"100.00"},""]
[249,"шкаф книжный со стеклом 1200*400*1950","Шарапова Ирина\nНикифоровна","000000000697","30.09.2006","30.09.2006","",84,{"v":3264,"d":"3264.00"},{"v":3264,"d":"3264.00"},"11.10.2023",{"v":0,"d":"0.00"},{"v":100,"d":"100.00"},"","16.3612180"]
[250,"шкаф лаборат.физич.1500*500*2","Шарапова Ирина\nНикифоровна","000000000702","30.09.2006","30.09.2006","",84,6774.84,6774.84,"11.10.2023",{"v":0,"d":"0.00"},{"v":100,"d":"100.00"},""]
[251,"шкаф лаборат.физич.1500*500*2","Шарапова Ирина\nНикифоровна","000000000701","30.09.2006","30.09.2006","",84,6774.84,6774.84,"11.10.2023",{"v":0,"d":"0.00"},{"v":100,"d":"100.00"},""]
[252,"шкаф лаборат.физич.1500*500*2","Шарапова Ирина\nНикифоровна","000000000700","30.09.2006","30.09.2006","",84,6774.84,6774.84,"11.10.2023",{"v":0,"d":"0.00"},{"v":100,"d":"100.00"},""]
[253,"шкаф лаборат.физич.1500*500*2","Шарапова Ирина\nНикифоровна","000000000699","30.09.2006","30.09.2006","",84,6774.84,6774.84,"11.10.2023",{"v":0,"d":"0.00"},{"v":100,"d":"100.00"},""]
[254,"шкаф лаборат.физич.1500*500*2","Шарапова Ирина\nНикифоровна","000000000698","30.09.2006","30.09.2006","",84,6774.84,6774.84,"11.10.2023",{"v":0,"d":"0.00"},{"v":100,"d":"100.00"},"","16.3612180"]
[255,"шкаф холодильный ШН0-7","Шарапова Ирина\nНикифоровна","000000001063","30.09.2006","30.09.2006","",84,34749.36,34749.36,"11.10.2023",{"v":0,"d":"0.00"},{"v":100,"d":"100.00"},"","16.2930100"]
[256,"шкаф холодильный ШХ0-7","Шарапова Ирина\nНикифоровна","000000001062","30.09.2006","30.09.2006","",84,{"v":21675,"d":"21675.00"},{"v":21675,"d":"21675.00"},"11.10.2023",{"v":0,"d":"0.00"},{"v":100,"d":"100.00"},"","16.2930100"]
[257,"Щит баскетб.игр.пластик.100мм-180х105","Шарапова Ирина\nНикифоровна","000000000294","31.08.2006","31.08.2006","",60,{"v":15300,"d":"15300.00"},{"v":15300,"d":"15300.00"},"11.10.2023",{"v":0,"d":"0.00"},{"v":100,"d":"100.00"},"","16.3693551"]
[258,"Щит баскетб.игр.пластик.100мм-180х105","Шарапова Ирина\nНикифоровна","000000000293","31.08.2006","31.08.2006","",60,{"v":15300,"d":"15300.00"},{"v":15300,"d":"15300.00"},"11.10.2023",{"v":0,"d":"0.00"},{"v":100,"d":"100.00"},"","16.3693551"]
[259,"Энциклопедия","Шарапова Ирина\nНикифоровна","0000000302","14.03.2018","","","",{"v":600,"d":"600.00"},{"v":600,"d":"600.00"},"11.10.2023",{"v":0,"d":"0.00"},{"v":100,"d":"100.00"},"",""]
["Итого",{"$nulls":7},43004607.02,24537710.26,"11.10.2023",18466896.76]

{"sheet":"Лист2","index":1,"n_rows":135,"n_cols":15,"rows_kept":135,"merged":[[0,0,0,14],[1,0,1,14],[2,0,3,4],[2,5,3,7],[2,8,3,9],[2,10,3,11],[2,12,3,14]]}
["Отчет по материальным запасам с 11.10.2023 по 11.10.2023"]
["МБОУ «Сокольская СОШ»"]
[{"$nulls":5},"Остаток на начало",null,null,"Оборот Дебет",null,"Оборот Кредит",null,"Остаток на конец"]
[]
["Счет","Наименование МЗ","КФО","Ед. измерения","ОЛ","Цена (средняя)","Количество","Сумма","Количество","Сумма","Количество","Сумма","Цена (средняя)","Количество","Сумма"]
["10311",null,"4",null,"Шарапова Ирина Никифоровна",{"v":0,"d":"0.00"},{"v":0,"d":"0.0000"},5062642.06,{"v":0,"d":"0.0000"},{"v":0,"d":"0.00"},{"v":0,"d":"0.0000"},{"v":0,"d":"0.00"},{"v":0,"d":"0.00"},{"v":0,"d":"0.0000"},5062642.06]
["10534","аптечка","4","шт","Шарапова Ирина Никифоровна",{"v":200,"d":"200.00"},{"v":1,"d":"1.0000"},{"v":200,"d":"200.00"},{"v":0,"d":"0.0000"},{"v":0,"d":"0.00"},{"v":0,"d":"0.0000"},{"v":0,"d":"0.00"},{"v":200,"d":"200.00"},{"v":1,"d":"1.0000"},{"v":200,"d":"200.00"}]
["10536","Бадминтон набор","2","шт","Шарапова Ирина Никифоровна",{"v":1000,"d":"1000.00"},{"v":2,"d":"2.0000"},{"v":2000,"d":"2000.00"},{"v":0,"d":"0.0000"},{"v":0,"d":"0.00"},{"v":0,"d":"0.0000"},{"v":0,"d":"0.00"},{"v":1000,"d":"1000.00"},{"v":2,"d":"2.0000"},{"v":2000,"d":"2000.00"}]
["10536","бак","4","шт","Шарапова Ирина Никифоровна",{"v":257,"d":"257.00"},{"v":2,"d":"2.0000"},{"v":514,"d":"514.00"},{"v":0,"d":"0.0000"},{"v":0,"d":"0.00"},{"v":0,"d":"0.0000"},{"v":0,"d":"0.00"},{"v":257,"d":"257.00"},{"v":2,"d":"2.0000"},{"v":514,"d":"514.00"}]
["021","БАКОРЕЗЫ 160ММ","4","шт","Шарапова Ирина Никифоровна",{"v":150,"d":"150.00"},{"v":1,"d":"1.0000"},{"v":150,"d":"150.00"},{"v":0,"d":"0.0000"},{"v":0,"d":"0.00"},{"v":0,"d":"0.0000"},{"v":0,"d":"0.00"},{"v":150,"d":"150.00"},{"v":1,"d":"1.0000"},{"v":150,"d":"150.00"}]
["021","Буклет \"Куренекле шэхеслэр, Выдающиеся личности\"","4","шт","Шарапова Ирина Никифоровна",129.69,{"v":2,"d":"2.0000"},259.38,{"v":0,"d":"0.0000"},{"v":0,"d":"0.00"},{"v":0,"d":"0.0000"},{"v":0,"d":"0.00"},129.69,{"v":2,"d":"2.0000"},259.38]
["10536","ведро","2","шт","Шарапова Ирина Никифоровна",{"v":40,"d":"40.00"},{"v":4,"d":"4.0000"},{"v":160,"d":"160.00"},{"v":0,"d":"0.0000"},{"v":0,"d":"0.00"},{"v":0,"d":"0.0000"},{"v":0,"d":"0.00"},{"v":40,"d":"40.00"},{"v":4,"d":"4.0000"},{"v":160,"d":"160.00"}]
["10536","Ведро 12л.","5","шт","Шарапова Ирина Никифоровна",{"v":105,"d":"105.00"},{"v":2,"d":"2.0000"},{"v":210,"d":"210.00"},{"v":0,"d":"0.0000"},{"v":0,"d":"0.00"},{"v":0,"d":"0.0000"},{"v":0,"d":"0.00"},{"v":105,"d":"105.00"},{"v":2,"d":"2.0000"},{"v":210,"d":"210.00"}]
["021","вешалка -гар.1800*1500с полкой п/обувь","2","шт","Шарапова Ирина Никифоровна",{"v":2907,"d":"2907.00"},{"v":2,"d":"2.0000"},{"v":5814,"d":"5814.00"},{"v":0,"d":"0.0000"},{"v":0,"d":"0.00"},{"v":0,"d":"0.0000"},{"v":0,"d":"0.00"},{"v":2907,"d":"2907.00"},{"v":2,"d":"2.0000"},{"v":5814,"d":"5814.00"}]
["021","вешалка металлическая","2","шт","Шарапова Ирина Никифоровна",{"v":867,"d":"867.00"},{"v":3,"d":"3.0000"},{"v":2601,"d":"2601.00"},{"v":0,"d":"0.0000"},{"v":0,"d":"0.00"},{"v":0,"d":"0.0000"},{"v":0,"d":"0.00"},{"v":867,"d":"867.00"},{"v":3,"d":"3.0000"},{"v":2601,"d":"2601.00"}]
["10536","вилки нерж.","2","шт","Шарапова Ирина Никифоровна",24.48,{"v":40,"d":"40.0000"},{"v":979.2,"d":"979.20"},{"v":0,"d":"0.0000"},{"v":0,"d":"0.00"},{"v":0,"d":"0.0000"},{"v":0,"d":"0.00"},24.48,{"v":40,"d":"40.0000"},{"v":979.2,"d":"979.20"}]
["021","гардины","4","шт","Шарапова Ирина Никифоровна",347.05,{"v":58,"d":"58.0000"},20128.85,{"v":0,"d":"0.0000"},{"v":0,"d":"0.00"},{"v":0,"d":"0.0000"},{"v":0,"d":"0.00"},347.05,{"v":58,"d":"58.0000"},20128.85]
["021","гладильная доска","2","шт","Шарапова Ирина Никифоровна",{"v":530.4,"d":"530.40"},{"v":1,"d":"1.0000"},{"v":530.4,"d":"530.40"},{"v":0,"d":"0.0000"},{"v":0,"d":"0.00"},{"v":0,"d":"0.0000"},{"v":0,"d":"0.00"},{"v":530.4,"d":"530.40"},{"v":1,"d":"1.0000"},{"v":530.4,"d":"530.40"}]
["021","жаровня","2","шт","Шарапова Ирина Никифоровна",{"v":581.4,"d":"581.40"},{"v":1,"d":"1.0000"},{"v":581.4,"d":"581.40"},{"v":0,"d":"0.0000"},{"v":0,"d":"0.00"},{"v":0,"d":"0.0000"},{"v":0,"d":"0.00"},{"v":581.4,"d":"581.40"},{"v":1,"d":"1.0000"},{"v":581.4,"d":"581.40"}]
["10535","завнавес для сцены","2","шт","Шарапова Ирина Никифоровна",{"v":2450,"d":"2450.00"},{"v":1,"d":"1.0000"},{"v":2450,"d":"2450.00"},{"v":0,"d":"0.0000"},{"v":0,"d":"0.00"},{"v":0,"d":"0.0000"},{"v":0,"d":"0.00"},{"v":2450,"d":"2450.00"},{"v":1,"d":"1.0000"},{"v":2450,"d":"2450.00"}]
["021","Интерактивное пособие с комплектом таблиц \"Оновы декорактивно-прикладного искусства\"","4","шт","Шарапова Ирина Никифоровна",{"v":2650,"d":"2650.00"},{"v":1,"d":"1.0000"},{"v":2650,"d":"2650.00"},{"v":0,"d":"0.0000"},{"v":0,"d":"0.00"},{"v":0,"d":"0.0000"},{"v":0,"d":"0.00"},{"v":2650,"d":"2650.00"},{"v":1,"d":"1.0000"},{"v":2650,"d":"2650.00"}]
["021","Канат для лазания","2","шт","Шарапова Ирина Никифоровна",{"v":2550,"d":"2550.00"},{"v":1,"d":"1.0000"},{"v":2550,"d":"2550.00"},{"v":0,"d":"0.0000"},{"v":0,"d":"0.00"},{"v":0,"d":"0.0000"},{"v":0,"d":"0.00"},{"v":2550,"d":"2550.00"},{"v":1,"d":"1.0000"},{"v":2550,"d":"2550.00"}]
["021","канат для лазанья","4","шт","Шарапова Ирина Никифоровна",2406.18,{"v":1,"d":"1.0000"},2406.18,{"v":0,"d":"0.0000"},{"v":0,"d":"0.00"},{"v":0,"d":"0.0000"},{"v":0,"d":"0.00"},2406.18,{"v":1,"d":"1.0000"},2406.18]
["10536","Каструля 20л алюм. матовая демидово","2","шт","Шарапова Ирина Никифоровна",{"v":1570,"d":"1570.00"},{"v":1,"d":"1.0000"},{"v":1570,"d":"1570.00"},{"v":0,"d":"0.0000"},{"v":0,"d":"0.00"},{"v":0,"d":"0.0000"},{"v":0,"d":"0.00"},{"v":1570,"d":"1570.00"},{"v":1,"d":"1.0000"},{"v":1570,"d":"1570.00"}]
["10536","Кастрюля 10л","2","шт","Шарапова Ирина Никифоровна",{"v":397.8,"d":"397.80"},{"v":2,"d":"2.0000"},{"v":795.6,"d":"795.60"},{"v":0,"d":"0.0000"},{"v":0,"d":"0.00"},{"v":0,"d":"0.0000"},{"v":0,"d":"0.00"},{"v":397.8,"d":"397.80"},{"v":2,"d":"2.0000"},{"v":795.6,"d":"795.60"}]
["10536","Кастрюля 4,5","2","шт","Шарапова Ирина Никифоровна",257.04,{"v":2,"d":"2.0000"},514.08,{"v":0,"d":"0.0000"},{"v":0,"d":"0.00"},{"v":0,"d":"0.0000"},{"v":0,"d":"0.00"},257.04,{"v":2,"d":"2.0000"},514.08]
["10536","Кастрюля 7 л","2","шт","Шарапова Ирина Никифоровна",{"v":295.8,"d":"295.80"},{"v":2,"d":"2.0000"},{"v":591.6,"d":"591.60"},{"v":0,"d":"0.0000"},{"v":0,"d":"0.00"},{"v":0,"d":"0.0000"},{"v":0,"d":"0.00"},{"v":295.8,"d":"295.80"},{"v":2,"d":"2.0000"},{"v":591.6,"d":"591.60"}]
["10536","Кашпо","2","шт","Шарапова Ирина Никифоровна",{"v":125,"d":"125.00"},{"v":2,"d":"2.0000"},{"v":250,"d":"250.00"},{"v":0,"d":"0.0000"},{"v":0,"d":"0.00"},{"v":0,"d":"0.0000"},{"v":0,"d":"0.00"},{"v":125,"d":"125.00"},{"v":2,"d":"2.0000"},{"v":250,"d":"250.00"}]
["021","ключ газовый №3","4","шт","Шарапова Ирина Никифоровна",{"v":435,"d":"435.00"},{"v":1,"d":"1.0000"},{"v":435,"d":"435.00"},{"v":0,"d":"0.0000"},{"v":0,"d":"0.00"},{"v":0,"d":"0.0000"},{"v":0,"d":"0.00"},{"v":435,"d":"435.00"},{"v":1,"d":"1.0000"},{"v":435,"d":"435.00"}]
["021","Ковер гимнастический 1200х500","2","шт","Шарапова Ирина Никифоровна",{"v":1530,"d":"1530.00"},{"v":1,"d":"1.0000"},{"v":1530,"d":"1530.00"},{"v":0,"d":"0.0000"},{"v":0,"d":"0.00"},{"v":0,"d":"0.0000"},{"v":0,"d":"0.00"},{"v":1530,"d":"1530.00"},{"v":1,"d":"1.0000"},{"v":1530,"d":"1530.00"}]
["021","ковровые дорожки","4","шт","Шарапова Ирина Никифоровна",286.67,{"v":15,"d":"15.0000"},{"v":4300,"d":"4300.00"},{"v":0,"d":"0.0000"},{"v":0,"d":"0.00"},{"v":0,"d":"0.0000"},{"v":0,"d":"0.00"},286.67,{"v":15,"d":"15.0000"},{"v":4300,"d":"4300.00"}]
["021","коловорот  низ псс-10","4","шт","Шарапова Ирина Никифоровна",{"v":330,"d":"330.00"},{"v":1,"d":"1.0000"},{"v":330,"d":"330.00"},{"v":0,"d":"0.0000"},{"v":0,"d":"0.00"},{"v":0,"d":"0.0000"},{"v":0,"d":"0.00"},{"v":330,"d":"330.00"},{"v":1,"d":"1.0000"},{"v":330,"d":"330.00"}]
["021","комплект ножей 17шт","2","шт","Шарапова Ирина Никифоровна",{"v":2845.8,"d":"2845.80"},{"v":1,"d":"1.0000"},{"v":2845.8,"d":"2845.80"},{"v":0,"d":"0.0000"},{"v":0,"d":"0.00"},{"v":0,"d":"0.0000"},{"v":0,"d":"0.00"},{"v":2845.8,"d":"2845.80"},{"v":1,"d":"1.0000"},{"v":2845.8,"d":"2845.80"}]
["021","комплект разделочн.досок 9шт","2","шт","Шарапова Ирина Никифоровна",{"v":1560.6,"d":"1560.60"},{"v":1,"d":"1.0000"},{"v":1560.6,"d":"1560.60"},{"v":0,"d":"0.0000"},{"v":0,"d":"0.00"},{"v":0,"d":"0.0000"},{"v":0,"d":"0.00"},{"v":1560.6,"d":"1560.60"},{"v":1,"d":"1.0000"},{"v":1560.6,"d":"1560.60"}]
["021","комплект сковородок 5шт","2","шт","Шарапова Ирина Никифоровна",1445.34,{"v":1,"d":"1.0000"},1445.34,{"v":0,"d":"0.0000"},{"v":0,"d":"0.00"},{"v":0,"d":"0.0000"},{"v":0,"d":"0.00"},1445.34,{"v":1,"d":"1.0000"},1445.34]
["021","Коньки хоккейные","4","шт","Шарапова Ирина Никифоровна",{"v":1540,"d":"1540.00"},{"v":7,"d":"7.0000"},{"v":10780,"d":"10780.00"},{"v":0,"d":"0.0000"},{"v":0,"d":"0.00"},{"v":0,"d":"0.0000"},{"v":0,"d":"0.00"},{"v":1540,"d":"1540.00"},{"v":7,"d":"7.0000"},{"v":10780,"d":"10780.00"}]
["10535","костюмы для танцев","2","шт","Шарапова Ирина Никифоровна",{"v":83.2,"d":"83.20"},{"v":20,"d":"20.0000"},{"v":1664,"d":"1664.00"},{"v":0,"d":"0.0000"},{"v":0,"d":"0.00"},{"v":0,"d":"0.0000"},{"v":0,"d":"0.00"},{"v":83.2,"d":"83.20"},{"v":20,"d":"20.0000"},{"v":1664,"d":"1664.00"}]
["10536","котел 30л","2","шт","Шарапова Ирина Никифоровна",{"v":1254.6,"d":"1254.60"},{"v":1,"d":"1.0000"},{"v":1254.6,"d":"1254.60"},{"v":0,"d":"0.0000"},{"v":0,"d":"0.00"},{"v":0,"d":"0.0000"},{"v":0,"d":"0.00"},{"v":1254.6,"d":"1254.60"},{"v":1,"d":"1.0000"},{"v":1254.6,"d":"1254.60"}]
["10536","кофеварка","2","шт","Шарапова Ирина Никифоровна",{"v":66.3,"d":"66.30"},{"v":2,"d":"2.0000"},{"v":132.6,"d":"132.60"},{"v":0,"d":"0.0000"},{"v":0,"d":"0.00"},{"v":0,"d":"0.0000"},{"v":0,"d":"0.00"},{"v":66.3,"d":"66.30"},{"v":2,"d":"2.0000"},{"v":132.6,"d":"132.60"}]
["021","кресло для отдыха","2","шт","Шарапова Ирина Никифоровна",2258.28,{"v":6,"d":"6.0000"},13549.68,{"v":0,"d":"0.0000"},{"v":0,"d":"0.00"},{"v":0,"d":"0.0000"},{"v":0,"d":"0.00"},2258.28,{"v":6,"d":"6.0000"},13549.68]
["021","Кресло рабочее","2","шт","Шарапова Ирина Никифоровна",{"v":1254.6,"d":"1254.60"},{"v":2,"d":"2.0000"},{"v":2509.2,"d":"2509.20"},{"v":0,"d":"0.0000"},{"v":0,"d":"0.00"},{"v":0,"d":"0.0000"},{"v":0,"d":"0.00"},{"v":1254.6,"d":"1254.60"},{"v":2,"d":"2.0000"},{"v":2509.2,"d":"2509.20"}]
["021","кресло театральное для акт.зала","2","шт","Шарапова Ирина Никифоровна",{"v":2550,"d":"2550.00"},{"v":70,"d":"70.0000"},{"v":178500,"d":"178500.00"},{"v":0,"d":"0.0000"},{"v":0,"d":"0.00"},{"v":0,"d":"0.0000"},{"v":0,"d":"0.00"},{"v":2550,"d":"2550.00"},{"v":70,"d":"70.0000"},{"v":178500,"d":"178500.00"}]
["10536","кружка","2","шт","Шарапова Ирина Никифоровна",18.54,{"v":10,"d":"10.0000"},{"v":185.4,"d":"185.40"},{"v":0,"d":"0.0000"},{"v":0,"d":"0.00"},{"v":0,"d":"0.0000"},{"v":0,"d":"0.00"},18.54,{"v":10,"d":"10.0000"},{"v":185.4,"d":"185.40"}]
["10536","Кружка дымчатая 250мл","2","шт","Шарапова Ирина Никифоровна",{"v":50,"d":"50.00"},{"v":40,"d":"40.0000"},{"v":2000,"d":"2000.00"},{"v":0,"d":"0.0000"},{"v":0,"d":"0.00"},{"v":0,"d":"0.0000"},{"v":0,"d":"0.00"},{"v":50,"d":"50.00"},{"v":40,"d":"40.0000"},{"v":2000,"d":"2000.00"}]
["10536","лейки п/л","4","шт","Шарапова Ирина Никифоровна",{"v":95,"d":"95.00"},{"v":3,"d":"3.0000"},{"v":285,"d":"285.00"},{"v":0,"d":"0.0000"},{"v":0,"d":"0.00"},{"v":0,"d":"0.0000"},{"v":0,"d":"0.00"},{"v":95,"d":"95.00"},{"v":3,"d":"3.0000"},{"v":285,"d":"285.00"}]
["021","лобзик 150мм","4","шт","Шарапова Ирина Никифоровна",{"v":100,"d":"100.00"},{"v":2,"d":"2.0000"},{"v":200,"d":"200.00"},{"v":0,"d":"0.0000"},{"v":0,"d":"0.00"},{"v":0,"d":"0.0000"},{"v":0,"d":"0.00"},{"v":100,"d":"100.00"},{"v":2,"d":"2.0000"},{"v":200,"d":"200.00"}]
["10536","ложки стол. нерж.","2","шт","Шарапова Ирина Никифоровна",24.48,{"v":30,"d":"30.0000"},{"v":734.4,"d":"734.40"},{"v":0,"d":"0.0000"},{"v":0,"d":"0.00"},{"v":0,"d":"0.0000"},{"v":0,"d":"0.00"},24.48,{"v":30,"d":"30.0000"},{"v":734.4,"d":"734.40"}]
["10536","ложки чайн.","2","шт","Шарапова Ирина Никифоровна",13.26,{"v":40,"d":"40.0000"},{"v":530.4,"d":"530.40"},{"v":0,"d":"0.0000"},{"v":0,"d":"0.00"},{"v":0,"d":"0.0000"},{"v":0,"d":"0.00"},13.26,{"v":40,"d":"40.0000"},{"v":530.4,"d":"530.40"}]
["021","лом-гвоздодер круглый","4","шт","Шарапова Ирина Никифоровна",{"v":150,"d":"150.00"},{"v":1,"d":"1.0000"},{"v":150,"d":"150.00"},{"v":0,"d":"0.0000"},{"v":0,"d":"0.00"},{"v":0,"d":"0.0000"},{"v":0,"d":"0.00"},{"v":150,"d":"150.00"},{"v":1,"d":"1.0000"},{"v":150,"d":"150.00"}]
["10536","Лопата штыковая","5","шт","Шарапова Ирина Никифоровна",{"v":270,"d":"270.00"},{"v":2,"d":"2.0000"},{"v":540,"d":"540.00"},{"v":0,"d":"0.0000"},{"v":0,"d":"0.00"},{"v":0,"d":"0.0000"},{"v":0,"d":"0.00"},{"v":270,"d":"270.00"},{"v":2,"d":"2.0000"},{"v":540,"d":"540.00"}]
["10536","Лыжи пластиковые в комп.(крепл.палки.ботинки лыжн.)","2","шт","Шарапова Ирина Никифоровна",{"v":2850,"d":"2850.00"},{"v":6,"d":"6.0000"},{"v":17100,"d":"17100.00"},{"v":0,"d":"0.0000"},{"v":0,"d":"0.00"},{"v":0,"d":"0.0000"},{"v":0,"d":"0.00"},{"v":2850,"d":"2850.00"},{"v":6,"d":"6.0000"},{"v":17100,"d":"17100.00"}]
["10536","Лыжи подростковые с палками","2","шт","Шарапова Ирина Никифоровна",{"v":2537,"d":"2537.00"},{"v":6,"d":"6.0000"},{"v":15222,"d":"15222.00"},{"v":0,"d":"0.0000"},{"v":0,"d":"0.00"},{"v":0,"d":"0.0000"},{"v":0,"d":"0.00"},{"v":2537,"d":"2537.00"},{"v":6,"d":"6.0000"},{"v":15222,"d":"15222.00"}]
["021","Мат гимнастич поролоновый 2х1х0,1","2","шт","Шарапова Ирина Никифоровна",{"v":2040,"d":"2040.00"},{"v":20,"d":"20.0000"},{"v":40800,"d":"40800.00"},{"v":0,"d":"0.0000"},{"v":0,"d":"0.00"},{"v":0,"d":"0.0000"},{"v":0,"d":"0.00"},{"v":2040,"d":"2040.00"},{"v":20,"d":"20.0000"},{"v":40800,"d":"40800.00"}]
["10536","маты диэелектри","4","м","Шарапова Ирина Никифоровна",{"v":240,"d":"240.00"},{"v":2,"d":"2.0000"},{"v":480,"d":"480.00"},{"v":0,"d":"0.0000"},{"v":0,"d":"0.00"},{"v":0,"d":"0.0000"},{"v":0,"d":"0.00"},{"v":240,"d":"240.00"},{"v":2,"d":"2.0000"},{"v":480,"d":"480.00"}]
["021","Микроскоп 0,3 М pixels 50-1000 X,640-480P,YPG.AVI.USB 2,0, UsB 42158","5","шт","Шарапова Ирина Никифоровна",{"v":956,"d":"956.00"},{"v":5,"d":"5.0000"},{"v":4780,"d":"4780.00"},{"v":0,"d":"0.0000"},{"v":0,"d":"0.00"},{"v":0,"d":"0.0000"},{"v":0,"d":"0.00"},{"v":956,"d":"956.00"},{"v":5,"d":"5.0000"},{"v":4780,"d":"4780.00"}]
["021","молоток 400г","4","шт","Шарапова Ирина Никифоровна",{"v":285,"d":"285.00"},{"v":1,"d":"1.0000"},{"v":285,"d":"285.00"},{"v":0,"d":"0.0000"},{"v":0,"d":"0.00"},{"v":0,"d":"0.0000"},{"v":0,"d":"0.00"},{"v":285,"d":"285.00"},{"v":1,"d":"1.0000"},{"v":285,"d":"285.00"}]
["10536","Мяч баскет","2","шт","Шарапова Ирина Никифоровна",{"v":1174,"d":"1174.00"},{"v":2,"d":"2.0000"},{"v":2348,"d":"2348.00"},{"v":0,"d":"0.0000"},{"v":0,"d":"0.00"},{"v":0,"d":"0.0000"},{"v":0,"d":"0.00"},{"v":1174,"d":"1174.00"},{"v":2,"d":"2.0000"},{"v":2348,"d":"2348.00"}]
["10536","Мяч вол","2","шт","Шарапова Ирина Никифоровна",{"v":1463,"d":"1463.00"},{"v":2,"d":"2.0000"},{"v":2926,"d":"2926.00"},{"v":0,"d":"0.0000"},{"v":0,"d":"0.00"},{"v":0,"d":"0.0000"},{"v":0,"d":"0.00"},{"v":1463,"d":"1463.00"},{"v":2,"d":"2.0000"},{"v":2926,"d":"2926.00"}]
["10536","Мяч футб","2","шт","Шарапова Ирина Никифоровна",{"v":1452,"d":"1452.00"},{"v":2,"d":"2.0000"},{"v":2904,"d":"2904.00"},{"v":0,"d":"0.0000"},{"v":0,"d":"0.00"},{"v":0,"d":"0.0000"},{"v":0,"d":"0.00"},{"v":1452,"d":"1452.00"},{"v":2,"d":"2.0000"},{"v":2904,"d":"2904.00"}]
["021","Набор плакатов для школы (15шт.)","4","компл","Шарапова Ирина Никифоровна",5777.46,{"v":1,"d":"1.0000"},5777.46,{"v":0,"d":"0.0000"},{"v":0,"d":"0.00"},{"v":0,"d":"0.0000"},{"v":0,"d":"0.00"},5777.46,{"v":1,"d":"1.0000"},5777.46]
["021","ножницы по мет.240мм","4","шт","Шарапова Ирина Никифоровна",{"v":200,"d":"200.00"},{"v":1,"d":"1.0000"},{"v":200,"d":"200.00"},{"v":0,"d":"0.0000"},{"v":0,"d":"0.00"},{"v":0,"d":"0.0000"},{"v":0,"d":"0.00"},{"v":200,"d":"200.00"},{"v":1,"d":"1.0000"},{"v":200,"d":"200.00"}]
["021","ножовка по металлу","4","шт","Шарапова Ирина Никифоровна",{"v":350,"d":"350.00"},{"v":1,"d":"1.0000"},{"v":350,"d":"350.00"},{"v":0,"d":"0.0000"},{"v":0,"d":"0.00"},{"v":0,"d":"0.0000"},{"v":0,"d":"0.00"},{"v":350,"d":"350.00"},{"v":1,"d":"1.0000"},{"v":350,"d":"350.00"}]
["021","огнетушитель","4","шт","Шарапова Ирина Никифоровна",711.47,{"v":7,"d":"7.0000"},4980.28,{"v":0,"d":"0.0000"},{"v":0,"d":"0.00"},{"v":0,"d":"0.0000"},{"v":0,"d":"0.00"},711.47,{"v":7,"d":"7.0000"},4980.28]
["021","Огнетушитель ОП-4з","2","шт","Шарапова Ирина Никифоровна",{"v":625,"d":"625.00"},{"v":4,"d":"4.0000"},{"v":2500,"d":"2500.00"},{"v":0,"d":"0.0000"},{"v":0,"d":"0.00"},{"v":0,"d":"0.0000"},{"v":0,"d":"0.00"},{"v":625,"d":"625.00"},{"v":4,"d":"4.0000"},{"v":2500,"d":"2500.00"}]
["021","Огнетушитель ОП-5","4","шт","Шарапова Ирина Никифоровна",{"v":780,"d":"780.00"},{"v":6,"d":"6.0000"},{"v":4680,"d":"4680.00"},{"v":0,"d":"0.0000"},{"v":0,"d":"0.00"},{"v":0,"d":"0.0000"},{"v":0,"d":"0.00"},{"v":780,"d":"780.00"},{"v":6,"d":"6.0000"},{"v":4680,"d":"4680.00"}]
["021","пассатижа 180мм","4","шт","Шарапова Ирина Никифоровна",{"v":160,"d":"160.00"},{"v":1,"d":"1.0000"},{"v":160,"d":"160.00"},{"v":0,"d":"0.0000"},{"v":0,"d":"0.00"},{"v":0,"d":"0.0000"},{"v":0,"d":"0.00"},{"v":160,"d":"160.00"},{"v":1,"d":"1.0000"},{"v":160,"d":"160.00"}]
["021","Песни детства Сахабутдинова Р.А.","4","шт","Шарапова Ирина Никифоровна",{"v":176.2,"d":"176.20"},{"v":2,"d":"2.0000"},{"v":352.4,"d":"352.40"},{"v":0,"d":"0.0000"},{"v":0,"d":"0.00"},{"v":0,"d":"0.0000"},{"v":0,"d":"0.00"},{"v":176.2,"d":"176.20"},{"v":2,"d":"2.0000"},{"v":352.4,"d":"352.40"}]
["021","Печать резиновая","4","шт","Шарапова Ирина Никифоровна",{"v":540,"d":"540.00"},{"v":1,"d":"1.0000"},{"v":540,"d":"540.00"},{"v":0,"d":"0.0000"},{"v":0,"d":"0.00"},{"v":0,"d":"0.0000"},{"v":0,"d":"0.00"},{"v":540,"d":"540.00"},{"v":1,"d":"1.0000"},{"v":540,"d":"540.00"}]
["021","Печать резиновая гербовая","4","шт","Шарапова Ирина Никифоровна",{"v":1000,"d":"1000.00"},{"v":1,"d":"1.0000"},{"v":1000,"d":"1000.00"},{"v":0,"d":"0.0000"},{"v":0,"d":"0.00"},{"v":0,"d":"0.0000"},{"v":0,"d":"0.00"},{"v":1000,"d":"1000.00"},{"v":1,"d":"1.0000"},{"v":1000,"d":"1000.00"}]
["021","Пластиковые плакаты с тезисами Президента РТ Минниханова Р.Н.","4","шт","Шарапова Ирина Никифоровна",2266.84,{"v":1,"d":"1.0000"},2266.84,{"v":0,"d":"0.0000"},{"v":0,"d":"0.00"},{"v":0,"d":"0.0000"},{"v":0,"d":"0.00"},2266.84,{"v":1,"d":"1.0000"},2266.84]
["021","подставка для кипятильника 600*600*860","2","шт","Шарапова Ирина Никифоровна",{"v":1734,"d":"1734.00"},{"v":3,"d":"3.0000"},{"v":5202,"d":"5202.00"},{"v":0,"d":"0.0000"},{"v":0,"d":"0.00"},{"v":0,"d":"0.0000"},{"v":0,"d":"0.00"},{"v":1734,"d":"1734.00"},{"v":3,"d":"3.0000"},{"v":5202,"d":"5202.00"}]
["021","Подставка9500*500*500","2","шт","Шарапова Ирина Никифоровна",{"v":433.5,"d":"433.50"},{"v":1,"d":"1.0000"},{"v":433.5,"d":"433.50"},{"v":0,"d":"0.0000"},{"v":0,"d":"0.00"},{"v":0,"d":"0.0000"},{"v":0,"d":"0.00"},{"v":433.5,"d":"433.50"},{"v":1,"d":"1.0000"},{"v":433.5,"d":"433.50"}]
["021","подтоварник","2","шт","Шарапова Ирина Никифоровна",{"v":1300.5,"d":"1300.50"},{"v":3,"d":"3.0000"},{"v":3901.5,"d":"3901.50"},{"v":0,"d":"0.0000"},{"v":0,"d":"0.00"},{"v":0,"d":"0.0000"},{"v":0,"d":"0.00"},{"v":1300.5,"d":"1300.50"},{"v":3,"d":"3.0000"},{"v":3901.5,"d":"3901.50"}]
["10536","половник для каш","2","шт","Шарапова Ирина Никифоровна",{"v":112.2,"d":"112.20"},{"v":2,"d":"2.0000"},{"v":224.4,"d":"224.40"},{"v":0,"d":"0.0000"},{"v":0,"d":"0.00"},{"v":0,"d":"0.0000"},{"v":0,"d":"0.00"},{"v":112.2,"d":"112.20"},{"v":2,"d":"2.0000"},{"v":224.4,"d":"224.40"}]
["10536","половник круглый большой","2","шт","Шарапова Ирина Никифоровна",{"v":153,"d":"153.00"},{"v":2,"d":"2.0000"},{"v":306,"d":"306.00"},{"v":0,"d":"0.0000"},{"v":0,"d":"0.00"},{"v":0,"d":"0.0000"},{"v":0,"d":"0.00"},{"v":153,"d":"153.00"},{"v":2,"d":"2.0000"},{"v":306,"d":"306.00"}]
["10536","половник средний","2","шт","Шарапова Ирина Никифоровна",{"v":102,"d":"102.00"},{"v":2,"d":"2.0000"},{"v":204,"d":"204.00"},{"v":0,"d":"0.0000"},{"v":0,"d":"0.00"},{"v":0,"d":"0.0000"},{"v":0,"d":"0.00"},{"v":102,"d":"102.00"},{"v":2,"d":"2.0000"},{"v":204,"d":"204.00"}]
["10536","принтер лазер","2","шт","Шарапова Ирина Никифоровна",{"v":6990,"d":"6990.00"},{"v":1,"d":"1.0000"},{"v":6990,"d":"6990.00"},{"v":0,"d":"0.0000"},{"v":0,"d":"0.00"},{"v":0,"d":"0.0000"},{"v":0,"d":"0.00"},{"v":6990,"d":"6990.00"},{"v":1,"d":"1.0000"},{"v":6990,"d":"6990.00"}]
["021","Проектор View Sonic","2","шт","Шарапова Ирина Никифоровна",{"v":1,"d":"1.00"},{"v":1,"d":"1.0000"},{"v":1,"d":"1.00"},{"v":0,"d":"0.0000"},{"v":0,"d":"0.00"},{"v":0,"d":"0.0000"},{"v":0,"d":"0.00"},{"v":1,"d":"1.00"},{"v":1,"d":"1.0000"},{"v":1,"d":"1.00"}]
["021","Проектор View Sonic PJD5151DLP","2","шт","Шарапова Ирина Никифоровна",{"v":1,"d":"1.00"},{"v":1,"d":"1.0000"},{"v":1,"d":"1.00"},{"v":0,"d":"0.0000"},{"v":0,"d":"0.00"},{"v":0,"d":"0.0000"},{"v":0,"d":"0.00"},{"v":1,"d":"1.00"},{"v":1,"d":"1.0000"},{"v":1,"d":"1.00"}]
["021","противогазы","4","шт","Шарапова Ирина Никифоровна",{"v":300,"d":"300.00"},{"v":5,"d":"5.0000"},{"v":1500,"d":"1500.00"},{"v":0,"d":"0.0000"},{"v":0,"d":"0.00"},{"v":0,"d":"0.0000"},{"v":0,"d":"0.00"},{"v":300,"d":"300.00"},{"v":5,"d":"5.0000"},{"v":1500,"d":"1500.00"}]
["021","Противогазы марки ГП-5","5","шт","Шарапова Ирина Никифоровна",{"v":200,"d":"200.00"},{"v":5,"d":"5.0000"},{"v":1000,"d":"1000.00"},{"v":0,"d":"0.0000"},{"v":0,"d":"0.00"},{"v":0,"d":"0.0000"},{"v":0,"d":"0.00"},{"v":200,"d":"200.00"},{"v":5,"d":"5.0000"},{"v":1000,"d":"1000.00"}]
["021","рубанок стальн стандарт 50/2","4","шт","Шарапова Ирина Никифоровна",{"v":500,"d":"500.00"},{"v":2,"d":"2.0000"},{"v":1000,"d":"1000.00"},{"v":0,"d":"0.0000"},{"v":0,"d":"0.00"},{"v":0,"d":"0.0000"},{"v":0,"d":"0.00"},{"v":500,"d":"500.00"},{"v":2,"d":"2.0000"},{"v":1000,"d":"1000.00"}]
["021","Руль без педал","2","шт","Шарапова Ирина Никифоровна",1472.02,{"v":1,"d":"1.0000"},1472.02,{"v":0,"d":"0.0000"},{"v":0,"d":"0.00"},{"v":0,"d":"0.0000"},{"v":0,"d":"0.00"},1472.02,{"v":1,"d":"1.0000"},1472.02]
["10536","соусник большой","2","шт","Шарапова Ирина Никифоровна",85.68,{"v":2,"d":"2.0000"},171.36,{"v":0,"d":"0.0000"},{"v":0,"d":"0.00"},{"v":0,"d":"0.0000"},{"v":0,"d":"0.00"},85.68,{"v":2,"d":"2.0000"},171.36]
["10536","соусник маленький","2","шт","Шарапова Ирина Никифоровна",68.34,{"v":2,"d":"2.0000"},136.68,{"v":0,"d":"0.0000"},{"v":0,"d":"0.00"},{"v":0,"d":"0.0000"},{"v":0,"d":"0.00"},68.34,{"v":2,"d":"2.0000"},136.68]
["021","Спилс карта РТ","4","шт","Шарапова Ирина Никифоровна",{"v":1485,"d":"1485.00"},{"v":1,"d":"1.0000"},{"v":1485,"d":"1485.00"},{"v":0,"d":"0.0000"},{"v":0,"d":"0.00"},{"v":0,"d":"0.0000"},{"v":0,"d":"0.00"},{"v":1485,"d":"1485.00"},{"v":1,"d":"1.0000"},{"v":1485,"d":"1485.00"}]
["021","Спилс карта РФ","4","шт","Шарапова Ирина Никифоровна",{"v":1782,"d":"1782.00"},{"v":1,"d":"1.0000"},{"v":1782,"d":"1782.00"},{"v":0,"d":"0.0000"},{"v":0,"d":"0.00"},{"v":0,"d":"0.0000"},{"v":0,"d":"0.00"},{"v":1782,"d":"1782.00"},{"v":1,"d":"1.0000"},{"v":1782,"d":"1782.00"}]
["021","стеллаж одност.920*240/2100","2","шт","Шарапова Ирина Никифоровна",{"v":2493.9,"d":"2493.90"},{"v":15,"d":"15.0000"},{"v":37408.5,"d":"37408.50"},{"v":0,"d":"0.0000"},{"v":0,"d":"0.00"},{"v":0,"d":"0.0000"},{"v":0,"d":"0.00"},{"v":2493.9,"d":"2493.90"},{"v":15,"d":"15.0000"},{"v":37408.5,"d":"37408.50"}]
["021","Стенка гимнаст 3000х800х160","2","шт","Шарапова Ирина Никифоровна",{"v":1530,"d":"1530.00"},{"v":17,"d":"17.0000"},{"v":26010,"d":"26010.00"},{"v":0,"d":"0.0000"},{"v":0,"d":"0.00"},{"v":0,"d":"0.0000"},{"v":0,"d":"0.00"},{"v":1530,"d":"1530.00"},{"v":17,"d":"17.0000"},{"v":26010,"d":"26010.00"}]
["021","стойки волейбольные","4","шт","Шарапова Ирина Никифоровна",2864.16,{"v":1,"d":"1.0000"},2864.16,{"v":0,"d":"0.0000"},{"v":0,"d":"0.00"},{"v":0,"d":"0.0000"},{"v":0,"d":"0.00"},2864.16,{"v":1,"d":"1.0000"},2864.16]
["021","стол д/каб.химии 1250*600*660/780","2","шт","Шарапова Ирина Никифоровна",{"v":2244,"d":"2244.00"},{"v":6,"d":"6.0000"},{"v":13464,"d":"13464.00"},{"v":0,"d":"0.0000"},{"v":0,"d":"0.00"},{"v":0,"d":"0.0000"},{"v":0,"d":"0.00"},{"v":2244,"d":"2244.00"},{"v":6,"d":"6.0000"},{"v":13464,"d":"13464.00"}]
["021","Стол для заседаний 1490*1000*760","2","шт","Шарапова Ирина Никифоровна",3261.96,{"v":1,"d":"1.0000"},3261.96,{"v":0,"d":"0.0000"},{"v":0,"d":"0.00"},{"v":0,"d":"0.0000"},{"v":0,"d":"0.00"},3261.96,{"v":1,"d":"1.0000"},3261.96]
["021","стол для сбора отходов","2","шт","Шарапова Ирина Никифоровна",{"v":2601,"d":"2601.00"},{"v":2,"d":"2.0000"},{"v":5202,"d":"5202.00"},{"v":0,"d":"0.0000"},{"v":0,"d":"0.00"},{"v":0,"d":"0.0000"},{"v":0,"d":"0.00"},{"v":2601,"d":"2601.00"},{"v":2,"d":"2.0000"},{"v":5202,"d":"5202.00"}]
["021","стол журнальный 1100*550*551","2","шт","Шарапова Ирина Никифоровна",1298.51,{"v":3,"d":"3.0000"},3895.53,{"v":0,"d":"0.0000"},{"v":0,"d":"0.00"},{"v":0,"d":"0.0000"},{"v":0,"d":"0.00"},1298.51,{"v":3,"d":"3.0000"},3895.53]
["021","стол компьют.900*600*720","2","шт","Шарапова Ирина Никифоровна",{"v":1632,"d":"1632.00"},{"v":5,"d":"5.0000"},{"v":8160,"d":"8160.00"},{"v":0,"d":"0.0000"},{"v":0,"d":"0.00"},{"v":0,"d":"0.0000"},{"v":0,"d":"0.00"},{"v":1632,"d":"1632.00"},{"v":5,"d":"5.0000"},{"v":8160,"d":"8160.00"}]
["021","стол преподавателя 1200*700*716","2","шт","Шарапова Ирина Никифоровна",{"v":1881.9,"d":"1881.90"},{"v":18,"d":"18.0000"},{"v":33874.2,"d":"33874.20"},{"v":0,"d":"0.0000"},{"v":0,"d":"0.00"},{"v":0,"d":"0.0000"},{"v":0,"d":"0.00"},{"v":1881.9,"d":"1881.90"},{"v":18,"d":"18.0000"},{"v":33874.2,"d":"33874.20"}]
["021","стол раб.1400*700с подв.тумбой с выд.","2","шт","Шарапова Ирина Никифоровна",{"v":1881.9,"d":"1881.90"},{"v":1,"d":"1.0000"},{"v":1881.9,"d":"1881.90"},{"v":0,"d":"0.0000"},{"v":0,"d":"0.00"},{"v":0,"d":"0.0000"},{"v":0,"d":"0.00"},{"v":1881.9,"d":"1881.90"},{"v":1,"d":"1.0000"},{"v":1881.9,"d":"1881.90"}]
["021","Стол ученический 1200*450*540","2","шт","Шарапова Ирина Никифоровна",940.95,{"v":2,"d":"2.0000"},{"v":1881.9,"d":"1881.90"},{"v":0,"d":"0.0000"},{"v":0,"d":"0.00"},{"v":0,"d":"0.0000"},{"v":0,"d":"0.00"},940.95,{"v":2,"d":"2.0000"},{"v":1881.9,"d":"1881.90"}]
["021","стол ученический 1200*450*600","2","шт","Шарапова Ирина Никифоровна",940.95,{"v":16,"d":"16.0000"},{"v":15055.2,"d":"15055.20"},{"v":0,"d":"0.0000"},{"v":0,"d":"0.00"},{"v":0,"d":"0.0000"},{"v":0,"d":"0.00"},940.95,{"v":16,"d":"16.0000"},{"v":15055.2,"d":"15055.20"}]
["021","стол ученический 1200*450*720","2","шт","Шарапова Ирина Никифоровна",940.95,{"v":22,"d":"22.0000"},{"v":20700.9,"d":"20700.90"},{"v":0,"d":"0.0000"},{"v":0,"d":"0.00"},{"v":0,"d":"0.0000"},{"v":0,"d":"0.00"},940.95,{"v":22,"d":"22.0000"},{"v":20700.9,"d":"20700.90"}]
["021","стол ученический 1200*500*780","2","шт","Шарапова Ирина Никифоровна",940.95,{"v":10,"d":"10.0000"},{"v":9409.5,"d":"9409.50"},{"v":0,"d":"0.0000"},{"v":0,"d":"0.00"},{"v":0,"d":"0.0000"},{"v":0,"d":"0.00"},940.95,{"v":10,"d":"10.0000"},{"v":9409.5,"d":"9409.50"}]
["021","стол ученический 310*340*360","2","шт","Шарапова Ирина Никифоровна",451.65,{"v":20,"d":"20.0000"},9033.06,{"v":0,"d":"0.0000"},{"v":0,"d":"0.00"},{"v":0,"d":"0.0000"},{"v":0,"d":"0.00"},451.65,{"v":20,"d":"20.0000"},9033.06]
["021","стол ученический 370*400*400","2","шт","Шарапова Ирина Никифоровна",451.65,{"v":46,"d":"46.0000"},20776.12,{"v":0,"d":"0.0000"},{"v":0,"d":"0.00"},{"v":0,"d":"0.0000"},{"v":0,"d":"0.00"},451.65,{"v":46,"d":"46.0000"},20776.12]
["021","стол ученический 400*430*480","2","шт","Шарапова Ирина Никифоровна",451.65,{"v":17,"d":"17.0000"},7678.12,{"v":0,"d":"0.0000"},{"v":0,"d":"0.00"},{"v":0,"d":"0.0000"},{"v":0,"d":"0.00"},451.65,{"v":17,"d":"17.0000"},7678.12]
["021","стол ученический280*310*320","2","шт","Шарапова Ирина Никифоровна",451.66,{"v":12,"d":"12.0000"},5419.87,{"v":0,"d":"0.0000"},{"v":0,"d":"0.00"},{"v":0,"d":"0.0000"},{"v":0,"d":"0.00"},451.66,{"v":12,"d":"12.0000"},5419.87]
["021","Стол читательский 2-х местн.","2","шт","Шарапова Ирина Никифоровна",1505.52,{"v":3,"d":"3.0000"},4516.56,{"v":0,"d":"0.0000"},{"v":0,"d":"0.00"},{"v":0,"d":"0.0000"},{"v":0,"d":"0.00"},1505.52,{"v":3,"d":"3.0000"},4516.56]
["021","Струл п/ж 400*340*810","2","шт","Шарапова Ирина Никифоровна",564.57,{"v":27,"d":"27.0000"},15243.39,{"v":0,"d":"0.0000"},{"v":0,"d":"0.00"},{"v":0,"d":"0.0000"},{"v":0,"d":"0.00"},564.57,{"v":27,"d":"27.0000"},15243.39]
["021","стул для рубки мясо","2","шт","Шарапова Ирина Никифоровна",{"v":1734,"d":"1734.00"},{"v":1,"d":"1.0000"},{"v":1734,"d":"1734.00"},{"v":0,"d":"0.0000"},{"v":0,"d":"0.00"},{"v":0,"d":"0.0000"},{"v":0,"d":"0.00"},{"v":1734,"d":"1734.00"},{"v":1,"d":"1.0000"},{"v":1734,"d":"1734.00"}]
["021","стул п/м","2","шт","Шарапова Ирина Никифоровна",564.57,{"v":4,"d":"4.0000"},2258.28,{"v":0,"d":"0.0000"},{"v":0,"d":"0.00"},{"v":0,"d":"0.0000"},{"v":0,"d":"0.00"},564.57,{"v":4,"d":"4.0000"},2258.28]
["021","табурет","2","шт","Шарапова Ирина Никифоровна",{"v":450,"d":"450.00"},{"v":8,"d":"8.0000"},{"v":3600,"d":"3600.00"},{"v":0,"d":"0.0000"},{"v":0,"d":"0.00"},{"v":0,"d":"0.0000"},{"v":0,"d":"0.00"},{"v":450,"d":"450.00"},{"v":8,"d":"8.0000"},{"v":3600,"d":"3600.00"}]
["10536","Тарелка 1","2","шт","Шарапова Ирина Никифоровна",{"v":65,"d":"65.00"},{"v":35,"d":"35.0000"},{"v":2275,"d":"2275.00"},{"v":0,"d":"0.0000"},{"v":0,"d":"0.00"},{"v":0,"d":"0.0000"},{"v":0,"d":"0.00"},{"v":65,"d":"65.00"},{"v":35,"d":"35.0000"},{"v":2275,"d":"2275.00"}]
["10536","Тарелка 2","2","шт","Шарапова Ирина Никифоровна",{"v":60,"d":"60.00"},{"v":20,"d":"20.0000"},{"v":1200,"d":"1200.00"},{"v":0,"d":"0.0000"},{"v":0,"d":"0.00"},{"v":0,"d":"0.0000"},{"v":0,"d":"0.00"},{"v":60,"d":"60.00"},{"v":20,"d":"20.0000"},{"v":1200,"d":"1200.00"}]
["10536","тарелки 2-е блюдо","2","шт","Шарапова Ирина Никифоровна",21.53,{"v":10,"d":"10.0000"},215.31,{"v":0,"d":"0.0000"},{"v":0,"d":"0.00"},{"v":0,"d":"0.0000"},{"v":0,"d":"0.00"},21.53,{"v":10,"d":"10.0000"},215.31]
["021","Телевизор Fhilips","2","шт","Шарапова Ирина Никифоровна",{"v":1,"d":"1.00"},{"v":1,"d":"1.0000"},{"v":1,"d":"1.00"},{"v":0,"d":"0.0000"},{"v":0,"d":"0.00"},{"v":0,"d":"0.0000"},{"v":0,"d":"0.00"},{"v":1,"d":"1.00"},{"v":1,"d":"1.0000"},{"v":1,"d":"1.00"}]
["021","телефон октет","4","шт","Шарапова Ирина Никифоровна",{"v":1000,"d":"1000.00"},{"v":1,"d":"1.0000"},{"v":1000,"d":"1000.00"},{"v":0,"d":"0.0000"},{"v":0,"d":"0.00"},{"v":0,"d":"0.0000"},{"v":0,"d":"0.00"},{"v":1000,"d":"1000.00"},{"v":1,"d":"1.0000"},{"v":1000,"d":"1000.00"}]
["10536","Термометр бесконтактный","4","шт","Шарапова Ирина Никифоровна",{"v":6000,"d":"6000.00"},{"v":1,"d":"1.0000"},{"v":6000,"d":"6000.00"},{"v":0,"d":"0.0000"},{"v":0,"d":"0.00"},{"v":0,"d":"0.0000"},{"v":0,"d":"0.00"},{"v":6000,"d":"6000.00"},{"v":1,"d":"1.0000"},{"v":6000,"d":"6000.00"}]
["021","тиски","4","шт","Шарапова Ирина Никифоровна",{"v":2000,"d":"2000.00"},{"v":1,"d":"1.0000"},{"v":2000,"d":"2000.00"},{"v":0,"d":"0.0000"},{"v":0,"d":"0.00"},{"v":0,"d":"0.0000"},{"v":0,"d":"0.00"},{"v":2000,"d":"2000.00"},{"v":1,"d":"1.0000"},{"v":2000,"d":"2000.00"}]
["021","Трибуна","2","шт","Шарапова Ирина Никифоровна",{"v":2244,"d":"2244.00"},{"v":1,"d":"1.0000"},{"v":2244,"d":"2244.00"},{"v":0,"d":"0.0000"},{"v":0,"d":"0.00"},{"v":0,"d":"0.0000"},{"v":0,"d":"0.00"},{"v":2244,"d":"2244.00"},{"v":1,"d":"1.0000"},{"v":2244,"d":"2244.00"}]
["021","тумба под тв ламинат","2","шт","Шарапова Ирина Никифоровна",{"v":1632,"d":"1632.00"},{"v":1,"d":"1.0000"},{"v":1632,"d":"1632.00"},{"v":0,"d":"0.0000"},{"v":0,"d":"0.00"},{"v":0,"d":"0.0000"},{"v":0,"d":"0.00"},{"v":1632,"d":"1632.00"},{"v":1,"d":"1.0000"},{"v":1632,"d":"1632.00"}]
["10536","утятница","2","шт","Шарапова Ирина Никифоровна",{"v":382.5,"d":"382.50"},{"v":1,"d":"1.0000"},{"v":382.5,"d":"382.50"},{"v":0,"d":"0.0000"},{"v":0,"d":"0.00"},{"v":0,"d":"0.0000"},{"v":0,"d":"0.00"},{"v":382.5,"d":"382.50"},{"v":1,"d":"1.0000"},{"v":382.5,"d":"382.50"}]
["10536","учебники в комплекте","4","шт","Шарапова Ирина Никифоровна",347.18,{"v":11,"d":"11.0000"},{"v":3819,"d":"3819.00"},{"v":0,"d":"0.0000"},{"v":0,"d":"0.00"},{"v":0,"d":"0.0000"},{"v":0,"d":"0.00"},347.18,{"v":11,"d":"11.0000"},{"v":3819,"d":"3819.00"}]
["10536","цветочные вазы","2","шт","Шарапова Ирина Никифоровна",{"v":150,"d":"150.00"},{"v":2,"d":"2.0000"},{"v":300,"d":"300.00"},{"v":0,"d":"0.0000"},{"v":0,"d":"0.00"},{"v":0,"d":"0.0000"},{"v":0,"d":"0.00"},{"v":150,"d":"150.00"},{"v":2,"d":"2.0000"},{"v":300,"d":"300.00"}]
["021","шкаф для уч.нагл.пособ.1162*350*1840","2","шт","Шарапова Ирина Никифоровна",2979.68,{"v":20,"d":"20.0000"},{"v":59593.5,"d":"59593.50"},{"v":0,"d":"0.0000"},{"v":0,"d":"0.00"},{"v":0,"d":"0.0000"},{"v":0,"d":"0.00"},2979.68,{"v":20,"d":"20.0000"},{"v":59593.5,"d":"59593.50"}]
["021","шкаф книжный комб.1200*400*1950","2","шт","Шарапова Ирина Никифоровна",2908.53,{"v":2,"d":"2.0000"},5817.06,{"v":0,"d":"0.0000"},{"v":0,"d":"0.00"},{"v":0,"d":"0.0000"},{"v":0,"d":"0.00"},2908.53,{"v":2,"d":"2.0000"},5817.06]
["10536","Шланг 10м.","5","шт","Шарапова Ирина Никифоровна",{"v":400,"d":"400.00"},{"v":2,"d":"2.0000"},{"v":800,"d":"800.00"},{"v":0,"d":"0.0000"},{"v":0,"d":"0.00"},{"v":0,"d":"0.0000"},{"v":0,"d":"0.00"},{"v":400,"d":"400.00"},{"v":2,"d":"2.0000"},{"v":800,"d":"800.00"}]
["021","штангенциркуль шц-150-0,1","4","шт","Шарапова Ирина Никифоровна",{"v":350,"d":"350.00"},{"v":2,"d":"2.0000"},{"v":700,"d":"700.00"},{"v":0,"d":"0.0000"},{"v":0,"d":"0.00"},{"v":0,"d":"0.0000"},{"v":0,"d":"0.00"},{"v":350,"d":"350.00"},{"v":2,"d":"2.0000"},{"v":700,"d":"700.00"}]
["021","Штатив лабораторный химических шлх","4","шт","Шарапова Ирина Никифоровна",{"v":548,"d":"548.00"},{"v":1,"d":"1.0000"},{"v":548,"d":"548.00"},{"v":0,"d":"0.0000"},{"v":0,"d":"0.00"},{"v":0,"d":"0.0000"},{"v":0,"d":"0.00"},{"v":548,"d":"548.00"},{"v":1,"d":"1.0000"},{"v":548,"d":"548.00"}]
["10535","шторы","4","компл","Шарапова Ирина Никифоровна",844.72,{"v":58,"d":"58.0000"},{"v":48994,"d":"48994.00"},{"v":0,"d":"0.0000"},{"v":0,"d":"0.00"},{"v":0,"d":"0.0000"},{"v":0,"d":"0.00"},844.72,{"v":58,"d":"58.0000"},{"v":48994,"d":"48994.00"}]
["10536","шумовка большая","2","шт","Шарапова Ирина Никифоровна",{"v":127.5,"d":"127.50"},{"v":2,"d":"2.0000"},{"v":255,"d":"255.00"},{"v":0,"d":"0.0000"},{"v":0,"d":"0.00"},{"v":0,"d":"0.0000"},{"v":0,"d":"0.00"},{"v":127.5,"d":"127.50"},{"v":2,"d":"2.0000"},{"v":255,"d":"255.00"}]
["10536","щипцы кондитерские","2","шт","Шарапова Ирина Никифоровна",62.22,{"v":1,"d":"1.0000"},62.22,{"v":0,"d":"0.0000"},{"v":0,"d":"0.00"},{"v":0,"d":"0.0000"},{"v":0,"d":"0.00"},62.22,{"v":1,"d":"1.0000"},62.22]
["10536","щипцы с вилкой","2","шт","Шарапова Ирина Никифоровна",48.96,{"v":2,"d":"2.0000"},97.92,{"v":0,"d":"0.0000"},{"v":0,"d":"0.00"},{"v":0,"d":"0.0000"},{"v":0,"d":"0.00"},48.96,{"v":2,"d":"2.0000"},97.92]
["021","Экран Lumien","2","шт","Шарапова Ирина Никифоровна",{"v":1,"d":"1.00"},{"v":1,"d":"1.0000"},{"v":1,"d":"1.00"},{"v":0,"d":"0.0000"},{"v":0,"d":"0.00"},{"v":0,"d":"0.0000"},{"v":0,"d":"0.00"},{"v":1,"d":"1.00"},{"v":1,"d":"1.0000"},{"v":1,"d":"1.00"}]
["021","электросушитель для рук ВXJ-1000","2","шт","Шарапова Ирина Никифоровна",{"v":1300.5,"d":"1300.50"},{"v":5,"d":"5.0000"},{"v":6502.5,"d":"6502.50"},{"v":0,"d":"0.0000"},{"v":0,"d":"0.00"},{"v":0,"d":"0.0000"},{"v":0,"d":"0.00"},{"v":1300.5,"d":"1300.50"},{"v":5,"d":"5.0000"},{"v":6502.5,"d":"6502.50"}]
["10536","ящики д/рассады","2","шт","Шарапова Ирина Никифоровна",{"v":40,"d":"40.00"},{"v":25,"d":"25.0000"},{"v":1000,"d":"1000.00"},{"v":0,"d":"0.0000"},{"v":0,"d":"0.00"},{"v":0,"d":"0.0000"},{"v":0,"d":"0.00"},{"v":40,"d":"40.00"},{"v":25,"d":"25.0000"},{"v":1000,"d":"1000.00"}]
[{"$nulls":6},{"v":959,"d":"959.0000"},5870241.37,{"v":0,"d":"0.0000"},{"v":0,"d":"0.00"},{"v":0,"d":"0.0000"},{"v":0,"d":"0.00"},null,{"v":959,"d":"959.0000"},5870241.37]